{"text_format":"2","workbook":"xlsx","n_sheets":5,"sheets":["Planilha SERVIÇOS_ 01 unid","Planilha de Serviços_04 unids","Composições","BDI's","Leis Sociais"],"not_rendered":{"charts":0,"images":0,"macros":0,"external_links":5,"defined_names":4091,"comments":0,"pivot_tables":0},"unopened":[],"bounds":{"document_bytes":16777216,"sheet_cells":100000,"run_cost":"one","rows_first":2000,"rows_last":500,"rows_between":2000,"halvings":0,"cell_chars":16384,"cell_head_chars":4096},"cells_cut":0,"cells_raw":0,"read":"whole","date_system":"1900"}

{"sheet":"Planilha SERVIÇOS_ 01 unid","index":0,"n_rows":202,"n_cols":11,"rows_kept":202,"cut":false,"hidden":false,"merged":[[0,1,4,10],[6,1,6,10],[5,1,5,4],[12,2,13,2],[12,5,13,5],[12,4,13,4],[12,6,13,6],[12,8,12,10],[12,7,13,7],[9,1,10,5],[5,5,5,10],[9,6,9,8],[8,1,8,8],[8,9,8,10],[7,1,7,10],[201,1,201,9],[199,2,199,9],[70,2,70,9],[79,2,79,9],[85,2,85,9],[97,2,97,9],[159,2,159,9],[165,2,165,9],[10,6,10,7],[137,2,137,9],[55,2,55,9],[24,2,24,9],[38,2,38,9],[12,1,13,1],[12,3,13,3],[19,2,19,9],[20,2,20,9],[14,2,14,9]]}
[]
[]
[]
[]
[]
[{"$nulls":5},"COMPANHIA DE DESENVOLVIMENTO DOS VALES DO SÃO FRANCISCO E DO PARNAÍBA\n3ª Superintendência Regional"]
[null,"SERVIÇOS NECESSÁRIOS A CONSTRUÇÃO DE UNIDADE DE BENEFICIAMENTO DE MEL, EM DIVERSOS MUNICÍPIOS INSERIDOS NA ÁREA DE ATUAÇÃO DA 3ª SUPERINTENDÊNCIA REGIONAL DA CODEVASF, ATRAVÉS DE SISTEMA DE REGISTRO DE PREÇOS - SRP.  "]
[null,"PLANILHA ORÇAMENTÁRIO - 1,00 (UMA) UNIDADE"]
[null,"PLANILHA ORÇAMENTÁRIA DE SERVIÇOS",{"$nulls":7},"AGOSTO DE 2020"]
[null,"TABELAS DE REFERÊNCIA ( DESONERAÇÃO): ",{"$nulls":4},"AGOSTO DE 2020",null,null,"ORSE :","05/2020"]
[{"$nulls":6},"SEINFRA:",null,"026","SINAPI:","06/2020"]
[{"$nulls":6},"BDI:","SERVIÇOS:",0.25919999999999999,"MATERIAIS:",0.16320000000000001]
[null,"ITEM","TIPO","FONTE","CÓDIGO","DISCRIMINAÇÃO DOS SERVIÇOS","UNID.","QUANT.","PREÇO (R$)"]
[{"$nulls":8},"SEM BDI","COM BDI","TOTAL"]
[null,1,"INSTALAÇÕES PRELIMINARES E CANTEIRO DE OBRAS",{"$nulls":7},29621.65]
[null,"1.1","INSUMO","SINAPI",4813,"PLACA DE OBRA (PARA CONSTRUCAO CIVIL) EM CHAPA GALVANIZADA *N. 22*, ADESIVADA, DE *2,0 X 1,125* M","M2    ",3,"300,00",348.96,1046.8800000000001]
[null,"1.2","SERVIÇO","CODEVASF","COMPOSIÇÃO","MOBILIZAÇÃO DE EQUIPAMENTOS, MATERIAIS E PESSOAL","UN ",1,837.2,1054.2,1054.2]
[null,"1.3","SERVIÇO","CODEVASF","COMPOSIÇÃO","DESMOBILIZAÇÃO DE EQUIPAMENTOS, MATERIAIS E PESSOAL","UN ",1,837.2,1054.2,1054.2]
[null,"1.4","SERVIÇO","CODEVASF","COMPOSIÇÃO","LOCAÇÃO, ADMINISTRAÇÃO E MANUTENÇÃO DE CANTEIRO DE OBRA","UN ",1,21018.400000000001,26466.37,26466.37]
[null,2,"UNIDADE DE PRODUÇÃO - LABORATÓRIO -ADMINISTRAÇÃO",{"$nulls":7},345344.41]
[null,"2.1","SERVIÇOS PRELIMINARES",{"$nulls":7},9769.41]
[null,"2.1.1","SERVIÇO","CODEVASF","COMPOSIÇÃO","C3508 - ELABORAÇÃO DE PROJETO DE CÁLCULO ESTRUTURAL (RESERVATÓRIO APOIADO, ELEVATÓRIA E  CAIXA DE AREIA) - M2xARF (SEINFRA)","M²",191.19,28.01,35.270000000000003,6743.27]
[null,"2.1.2","SERVIÇO","SEINFRA","C3160","DESMATAMENTO DE JAZIDA","M²",269.05,"0,34",0.43,115.69]
[null,"2.1.3","SERVIÇO","SINAPI",99059,"LOCACAO CONVENCIONAL DE OBRA, UTILIZANDO GABARITO DE TÁBUAS CORRIDAS PONTALETADAS A CADA 2,00M -  2 UTILIZAÇÕES. AF_10/2018","M",70.900000000000006,32.6,41.05,2910.45]
[null,"2.2","INFRAESTRUTURA",{"$nulls":7},47119.88]
[null,"2.2.1","SERVIÇO","SINAPI",101232,"ESCAVAÇÃO VERTICAL A CÉU ABERTO, EM OBRAS DE INFRAESTRUTURA, INCLUINDO CARGA, DESCARGA E TRANSPORTE, EM SOLO DE 1ª CATEGORIA COM ESCAVADEIRA HIDRÁULICA (CAÇAMBA: 1,2 M³ / 155 HP), FROTA DE 3 CAMINHÕES BASCULANTES DE 14 M³, DMT ATÉ 1 KM E VELOCIDADE MÉDIA14KM/H. AF_05/2020","M3",49.05,5.44,6.85,335.99]
[null,"2.2.2","SERVIÇO","SINAPI",95241,"LASTRO DE CONCRETO MAGRO, APLICADO EM PISOS OU RADIERS, ESPESSURA DE 5 CM. AF_07/2016","M2",70.069999999999993,20.85,26.25,1839.34]
[null,"2.2.3","SERVIÇO","SINAPI",94971,"CONCRETO FCK = 25MPA, TRAÇO 1:2,3:2,7 (CIMENTO/ AREIA MÉDIA/ BRITA 1)  - PREPARO MECÂNICO COM BETONEIRA 600 L. AF_07/2016","M3",10.9,319.85000000000002,402.76,4390.08]
[null,"2.2.4","SERVIÇO","SINAPI",94971,"CONCRETO FCK = 25MPA, TRAÇO 1:2,3:2,7 (CIMENTO/ AREIA MÉDIA/ BRITA 1)  - PREPARO MECÂNICO COM BETONEIRA 600 L. AF_07/2016","M3",2.63,319.85000000000002,402.76,1059.26]
[null,"2.2.5","SERVIÇO","SINAPI",94971,"CONCRETO FCK = 25MPA, TRAÇO 1:2,3:2,7 (CIMENTO/ AREIA MÉDIA/ BRITA 1)  - PREPARO MECÂNICO COM BETONEIRA 600 L. AF_07/2016","M3",3.98,319.85000000000002,402.76,1602.98]
[null,"2.2.6","SERVIÇO","SINAPI",92874,"LANÇAMENTO COM USO DE BOMBA, ADENSAMENTO E ACABAMENTO DE CONCRETO EM ESTRUTURAS. AF_12/2015","M3",17.510000000000002,24.18,30.45,533.17999999999995]
[null,"2.2.7","SERVIÇO","SINAPI",97086,"FABRICAÇÃO, MONTAGEM E DESMONTAGEM DE FORMA PARA RADIER, EM MADEIRA SERRADA, 4 UTILIZAÇÕES. AF_09/2017","M2",74.42,73.36,92.37,6874.18]
[null,"2.2.8","SERVIÇO","SINAPI",97086,"FABRICAÇÃO, MONTAGEM E DESMONTAGEM DE FORMA PARA RADIER, EM MADEIRA SERRADA, 4 UTILIZAÇÕES. AF_09/2017","M2",28.56,73.36,92.37,2638.09]
[null,"2.2.9","SERVIÇO","SINAPI",97086,"FABRICAÇÃO, MONTAGEM E DESMONTAGEM DE FORMA PARA RADIER, EM MADEIRA SERRADA, 4 UTILIZAÇÕES. AF_09/2017","M2",53.09,73.36,92.37,4903.92]
[null,"2.2.10","SERVIÇO","SINAPI",92759,"ARMAÇÃO DE PILAR OU VIGA DE UMA ESTRUTURA CONVENCIONAL DE CONCRETO ARMADO EM UM EDIFÍCIO DE MÚLTIPLOS PAVIMENTOS UTILIZANDO AÇO CA-60 DE 5,0 MM - MONTAGEM. AF_12/2015","KG",525.29999999999995,9.77,12.3,6461.19]
[null,"2.2.11","SERVIÇO","SINAPI",96546,"ARMAÇÃO DE BLOCO, VIGA BALDRAME OU SAPATA UTILIZANDO AÇO CA-50 DE 10 MM - MONTAGEM. AF_06/2017","KG",875.5,8.44,10.63,9306.57]
[null,"2.2.12","SERVIÇO","SINAPI",89300,"ALVENARIA ESTRUTURAL DE BLOCOS CERÂMICOS 14X19X39, (ESPESSURA DE 14 CM), PARA PAREDES COM ÁREA LÍQUIDA MAIOR OU IGUAL A 6M², SEM VÃOS, UTILIZANDO COLHER DE PEDREIRO E ARGAMASSA DE ASSENTAMENTO COM PREPARO EM BETONEIRA. AF_12/2014","M2",106.18,50.75,63.9,6784.9]
[null,"2.2.13","SERVIÇO","SINAPI",87879,"CHAPISCO APLICADO EM ALVENARIAS E ESTRUTURAS DE CONCRETO INTERNAS, COM COLHER DE PEDREIRO.  ARGAMASSA TRAÇO 1:3 COM PREPARO EM BETONEIRA 400L. AF_06/2014","M2",108.09,2.87,3.61,390.2]
[null,"2.3","SUPERESTRUTURA",{"$nulls":7},71473.72]
[null,"2.3.1","SERVIÇO","SINAPI",87489,"ALVENARIA DE VEDAÇÃO DE BLOCOS CERÂMICOS FURADOS NA VERTICAL DE 9X19X39CM (ESPESSURA 9CM) DE PAREDES COM ÁREA LÍQUIDA MAIOR OU IGUAL A 6M² COM VÃOS E ARGAMASSA DE ASSENTAMENTO COM PREPARO EM BETONEIRA. AF_06/2014","M2",250.99,34.57,43.53,10925.59]
[null,"2.3.2","SERVIÇO","SINAPI",93184,"VERGA PRÉ-MOLDADA PARA PORTAS COM ATÉ 1,5 M DE VÃO. AF_03/2016","M",40.299999999999997,16.350000000000001,20.59,829.78]
[null,"2.3.3","SERVIÇO","SINAPI",93194,"CONTRAVERGA PRÉ-MOLDADA PARA VÃOS DE ATÉ 1,5 M DE COMPRIMENTO. AF_03/2016","M",20.8,21.18,26.67,554.74]
[null,"2.3.4","SERVIÇO","SINAPI",94971,"CONCRETO FCK = 25MPA, TRAÇO 1:2,3:2,7 (CIMENTO/ AREIA MÉDIA/ BRITA 1)  - PREPARO MECÂNICO COM BETONEIRA 600 L. AF_07/2016","M3",3.1,319.85000000000002,402.76,1248.56]
[null,"2.3.5","SERVIÇO","SINAPI",94971,"CONCRETO FCK = 25MPA, TRAÇO 1:2,3:2,7 (CIMENTO/ AREIA MÉDIA/ BRITA 1)  - PREPARO MECÂNICO COM BETONEIRA 600 L. AF_07/2016","M3",5.98,319.85000000000002,402.76,2408.5]
[null,"2.3.6","SERVIÇO","SINAPI",92874,"LANÇAMENTO COM USO DE BOMBA, ADENSAMENTO E ACABAMENTO DE CONCRETO EM ESTRUTURAS. AF_12/2015","M3",9.08,24.18,30.45,276.49]
[null,"2.3.7","SERVIÇO","SINAPI",97086,"FABRICAÇÃO, MONTAGEM E DESMONTAGEM DE FORMA PARA RADIER, EM MADEIRA SERRADA, 4 UTILIZAÇÕES. AF_09/2017","M2",38.75,73.36,92.37,3579.34]
[null,"2.3.8","SERVIÇO","SINAPI",97086,"FABRICAÇÃO, MONTAGEM E DESMONTAGEM DE FORMA PARA RADIER, EM MADEIRA SERRADA, 4 UTILIZAÇÕES. AF_09/2017","M2",79.709999999999994,73.36,92.37,7362.81]
[null,"2.3.9","SERVIÇO","SINAPI",92759,"ARMAÇÃO DE PILAR OU VIGA DE UMA ESTRUTURA CONVENCIONAL DE CONCRETO ARMADO EM UM EDIFÍCIO DE MÚLTIPLOS PAVIMENTOS UTILIZANDO AÇO CA-60 DE 5,0 MM - MONTAGEM. AF_12/2015","KG",272.39999999999998,9.77,12.3,3350.52]
[null,"2.3.10","SERVIÇO","SINAPI",96546,"ARMAÇÃO DE BLOCO, VIGA BALDRAME OU SAPATA UTILIZANDO AÇO CA-50 DE 10 MM - MONTAGEM. AF_06/2017","KG",454,8.44,10.63,4826.0200000000004]
[null,"2.3.11","SERVIÇO","SINAPI",95241,"LASTRO DE CONCRETO MAGRO, APLICADO EM PISOS OU RADIERS, ESPESSURA DE 5 CM. AF_07/2016","M2",107.33,20.85,26.25,2817.41]
[null,"2.3.12","SERVIÇO","SINAPI",84191,"PISO EM GRANILITE, MARMORITE OU GRANITINA ESPESSURA 8 MM, INCLUSO JUNTAS DE DILATACAO PLASTICAS","M2",107.33,96.27,121.22,13010.54]
[null,"2.3.13","SERVIÇO","SINAPI",92394,"EXECUÇÃO DE PAVIMENTO EM PISO INTERTRAVADO, COM BLOCO SEXTAVADO DE 25 X 25 CM, ESPESSURA 8 CM. AF_12/2015","M2",82.36,48.78,61.42,5058.55]
[null,"2.3.14","SERVIÇO","SINAPI","73850/1","RODAPE EM MARMORITE, ALTURA 10CM","M",131.94999999999999,21.92,27.6,3641.82]
[null,"2.3.15","SERVIÇO","SINAPI",94263,"GUIA (MEIO-FIO) CONCRETO, MOLDADA  IN LOCO  EM TRECHO RETO COM EXTRUSORA, 13 CM BASE X 22 CM ALTURA. AF_06/2016","M",19.600000000000001,21.9,27.58,540.57000000000005]
[null,"2.3.16","SERVIÇO","SINAPI","74141/1","LAJE PRE-MOLD BETA 11 P/1KN/M2 VAOS 4,40M/INCL VIGOTAS TIJOLOS ARMADURA NEGATIVA CAPEAMENTO 3CM CONCRETO 20MPA ESCORAMENTO MATERIAL E MAO  DE OBRA.","M2",121.64,72.09,90.78,11042.48]
[null,"2.4","TELHADO",{"$nulls":7},22340.34]
[null,"2.4.1","SERVIÇO","SINAPI",87489,"ALVENARIA DE VEDAÇÃO DE BLOCOS CERÂMICOS FURADOS NA VERTICAL DE 9X19X39CM (ESPESSURA 9CM) DE PAREDES COM ÁREA LÍQUIDA MAIOR OU IGUAL A 6M² COM VÃOS E ARGAMASSA DE ASSENTAMENTO COM PREPARO EM BETONEIRA. AF_06/2014","M2",46.5,34.57,43.53,2024.15]
[null,"2.4.2","SERVIÇO","SINAPI",94971,"CONCRETO FCK = 25MPA, TRAÇO 1:2,3:2,7 (CIMENTO/ AREIA MÉDIA/ BRITA 1)  - PREPARO MECÂNICO COM BETONEIRA 600 L. AF_07/2016","M3",1,319.85000000000002,402.76,402.76]
[null,"2.4.3","SERVIÇO","SINAPI",92874,"LANÇAMENTO COM USO DE BOMBA, ADENSAMENTO E ACABAMENTO DE CONCRETO EM ESTRUTURAS. AF_12/2015","M3",1,24.18,30.45,30.45]
[null,"2.4.4","SERVIÇO","SINAPI",97086,"FABRICAÇÃO, MONTAGEM E DESMONTAGEM DE FORMA PARA RADIER, EM MADEIRA SERRADA, 4 UTILIZAÇÕES. AF_09/2017","M2",13.13,73.36,92.37,1212.82]
[null,"2.4.5","SERVIÇO","SINAPI",92759,"ARMAÇÃO DE PILAR OU VIGA DE UMA ESTRUTURA CONVENCIONAL DE CONCRETO ARMADO EM UM EDIFÍCIO DE MÚLTIPLOS PAVIMENTOS UTILIZANDO AÇO CA-60 DE 5,0 MM - MONTAGEM. AF_12/2015","KG",30,9.77,12.3,369]
[null,"2.4.6","INSUMO","SINAPI",13115,"CALHA/CANALETA DE CONCRETO SIMPLES, TIPO MEIA CANA, D = 20 CM, PARA AGUA PLUVIAL","M     ",15.3,"15,76",18.329999999999998,280.45]
[null,"2.4.7","SERVIÇO","SINAPI",92543,"TRAMA DE MADEIRA COMPOSTA POR TERÇAS PARA TELHADOS DE ATÉ 2 ÁGUAS PARA TELHA ONDULADA DE FIBROCIMENTO, METÁLICA, PLÁSTICA OU TERMOACÚSTICA, INCLUSO TRANSPORTE VERTICAL. AF_07/2019","M2",114.75,9.52,11.99,1375.85]
[null,"2.4.8","SERVIÇO","SINAPI",55960,"IMUNIZACAO DE MADEIRAMENTO PARA COBERTURA UTILIZANDO CUPINICIDA INCOLOR","M2",114.75,4.49,5.65,648.34]
[null,"2.4.9","SERVIÇO","SINAPI",94207,"TELHAMENTO COM TELHA ONDULADA DE FIBROCIMENTO E = 6 MM, COM RECOBRIMENTO LATERAL DE 1/4 DE ONDA PARA TELHADO COM INCLINAÇÃO MAIOR QUE 10°, COM ATÉ 2 ÁGUAS, INCLUSO IÇAMENTO. AF_07/2019","M2",114.75,44.35,55.85,6408.79]
[null,"2.4.10","SERVIÇO","SINAPI",92541,"TRAMA DE MADEIRA COMPOSTA POR RIPAS, CAIBROS E TERÇAS PARA TELHADOS DE ATÉ 2 ÁGUAS PARA TELHA CERÂMICA CAPA-CANAL, INCLUSO TRANSPORTE VERTICAL. AF_07/2019","M2",56.61,38.020000000000003,47.87,2709.92]
[null,"2.4.11","SERVIÇO","SINAPI",55960,"IMUNIZACAO DE MADEIRAMENTO PARA COBERTURA UTILIZANDO CUPINICIDA INCOLOR","M2",56.61,4.49,5.65,319.85000000000002]
[null,"2.4.12","SERVIÇO","SINAPI",94448,"TELHAMENTO COM TELHA CERÂMICA CAPA-CANAL, TIPO PAULISTA, COM MAIS DE 2 ÁGUAS, INCLUSO TRANSPORTE VERTICAL. AF_07/2019","M2",56.61,44.78,56.39,3192.24]
[null,"2.4.13","SERVIÇO","SINAPI",100325,"CUMEEIRA SHED PARA TELHA ONDULADA DE FIBROCIMENTO, E = 6 MM, INCLUSO ACESSÓRIOS DE FIXAÇÃO E IÇAMENTO. AF_07/2019","M",7.65,53.66,67.569999999999993,516.91]
[null,"2.4.14","SERVIÇO","SINAPI",100327,"RUFO EXTERNO/INTERNO EM CHAPA DE AÇO GALVANIZADO NÚMERO 26, CORTE DE 33 CM, INCLUSO IÇAMENTO. AF_07/2019","M",60.6,37.33,47.01,2848.81]
[null,"2.5","REVESTIMENTO",{"$nulls":7},43636.92]
[null,"2.5.1","SERVIÇO","SINAPI",87879,"CHAPISCO APLICADO EM ALVENARIAS E ESTRUTURAS DE CONCRETO INTERNAS, COM COLHER DE PEDREIRO.  ARGAMASSA TRAÇO 1:3 COM PREPARO EM BETONEIRA 400L. AF_06/2014","M2",93,2.87,3.61,335.73]
[null,"2.5.2","SERVIÇO","SINAPI",87879,"CHAPISCO APLICADO EM ALVENARIAS E ESTRUTURAS DE CONCRETO INTERNAS, COM COLHER DE PEDREIRO.  ARGAMASSA TRAÇO 1:3 COM PREPARO EM BETONEIRA 400L. AF_06/2014","M2",558.91999999999996,2.87,3.61,2017.7]
[null,"2.5.3","SERVIÇO","SINAPI",87529,"MASSA ÚNICA, PARA RECEBIMENTO DE PINTURA, EM ARGAMASSA TRAÇO 1:2:8, PREPARO MECÂNICO COM BETONEIRA 400L, APLICADA MANUALMENTE EM FACES INTERNAS DE PAREDES, ESPESSURA DE 20MM, COM EXECUÇÃO DE TALISCAS. AF_06/2014","M2",169.6,25.76,32.44,5501.82]
[null,"2.5.4","SERVIÇO","SINAPI",87529,"MASSA ÚNICA, PARA RECEBIMENTO DE PINTURA, EM ARGAMASSA TRAÇO 1:2:8, PREPARO MECÂNICO COM BETONEIRA 400L, APLICADA MANUALMENTE EM FACES INTERNAS DE PAREDES, ESPESSURA DE 20MM, COM EXECUÇÃO DE TALISCAS. AF_06/2014","M2",46.5,25.76,32.44,1508.46]
[null,"2.5.5","SERVIÇO","SINAPI",89173,"(COMPOSIÇÃO REPRESENTATIVA) DO SERVIÇO DE EMBOÇO/MASSA ÚNICA, APLICADO MANUALMENTE, TRAÇO 1:2:8, EM BETONEIRA DE 400L, PAREDES INTERNAS, COM EXECUÇÃO DE TALISCAS, EDIFICAÇÃO HABITACIONAL UNIFAMILIAR (CASAS) E EDIFICAÇÃO PÚBLICA PADRÃO. AF_12/2014","M2",389.32,25.9,32.61,12695.73]
[null,"2.5.6","SERVIÇO","SINAPI",93393,"REVESTIMENTO CERÂMICO PARA PAREDES INTERNAS COM PLACAS TIPO ESMALTADA PADRÃO POPULAR DE DIMENSÕES 20X20 CM, ARGAMASSA TIPO AC I, APLICADAS EM AMBIENTES DE ÁREA MAIOR QUE 5 M2 NA ALTURA INTEIRA DAS PAREDES. AF_06/2014","M2",389.32,33.96,42.76,16647.32]
[null,"2.5.7","SERVIÇO","SINAPI",87881,"CHAPISCO APLICADO NO TETO, COM ROLO PARA TEXTURA ACRÍLICA. ARGAMASSA TRAÇO 1:4 E EMULSÃO POLIMÉRICA (ADESIVO) COM PREPARO MANUAL. AF_06/2014","M2",101.59,3.7,4.66,473.41]
[null,"2.5.8","SERVIÇO","SINAPI",90407,"MASSA ÚNICA, PARA RECEBIMENTO DE PINTURA, EM ARGAMASSA TRAÇO 1:2:8, PREPARO MANUAL, APLICADA MANUALMENTE EM TETO, ESPESSURA DE 20MM, COM EXECUÇÃO DE TALISCAS. AF_03/2015","M2",101.59,34.840000000000003,43.87,4456.75]
[null,"2.6","PORTAS E JANELAS",{"$nulls":7},20745.349999999999]
[null,"2.6.1","SERVIÇO","SINAPI",91341,"PORTA EM ALUMÍNIO DE ABRIR TIPO VENEZIANA COM GUARNIÇÃO, FIXAÇÃO COM PARAFUSOS - FORNECIMENTO E INSTALAÇÃO. AF_12/2019","M2",28.7,401.08,505.04,14494.65]
[null,"2.6.2","SERVIÇO","SINAPI",94570,"JANELA DE ALUMÍNIO DE CORRER COM 2 FOLHAS PARA VIDROS, COM VIDROS, BATENTE, ACABAMENTO COM ACETATO OU BRILHANTE E FERRAGENS. EXCLUSIVE ALIZAR E CONTRAMARCO. FORNECIMENTO E INSTALAÇÃO. AF_12/2019","M2",14.5,202.26,254.69,3693.01]
[null,"2.6.3","SERVIÇO","CODEVASF","COMPOSIÇÃO","TELA GALVANIZADA MOSQUITEIRO EM QUADRO DIM. 1,0X1,0M, FORMADO POR CANTONEIRA ALUMINIO1\"X1/8\"+ BARRA CHATA ALUMINIO 7/8\"X1/8\" (ORSE)","M2",7.2,209.39,263.66000000000003,1898.35]
[null,"2.6.4","SERVIÇO","SINAPI",100701,"PORTA DE FERRO, DE ABRIR, TIPO GRADE COM CHAPA, COM GUARNIÇÕES. AF_12/2019","M2",1.82,253.08,318.68,580]
[null,"2.6.5","SERVIÇO","SINAPI","74111/1","SOLEIRA / TABEIRA EM MARMORE BRANCO COMUM, POLIDO, LARGURA 5 CM, ESPESSURA 2 CM, ASSENTADA COM ARGAMASSA COLANTE","M",2.25,28,35.26,79.34]
[null,"2.7","PINTURA",{"$nulls":7},9529.9]
[null,"2.7.1","INSUMO","SINAPI",7307,"FUNDO ANTICORROSIVO PARA METAIS FERROSOS (ZARCAO)","L     ",3.64,"24,78",28.82,104.9]
[null,"2.7.2","SERVIÇO","SINAPI","73739/1","PINTURA ESMALTE ACETINADO EM MADEIRA, DUAS DEMAOS","M2",3.64,15.04,18.940000000000001,68.94]
[null,"2.7.3","SERVIÇO","SINAPI",88423,"APLICAÇÃO MANUAL DE PINTURA COM TINTA TEXTURIZADA ACRÍLICA EM PAREDES EXTERNAS DE CASAS, UMA COR. AF_06/2014","M2",216.1,16.190000000000001,20.39,4406.28]
[null,"2.7.4","SERVIÇO","ORSE",2303,"EMASSAMENTO DE SUPERFÍCIE, COM APLICAÇÃO DE 01 DEMÃO DE MASSA A ÓLEO, LIXAMEN TO E RETOQUES","M2",50.22,13.83,17.41,874.33]
[null,"2.7.5","SERVIÇO","SINAPI",88411,"APLICAÇÃO MANUAL DE FUNDO SELADOR ACRÍLICO EM PANOS COM PRESENÇA DE VÃOS DE EDIFÍCIOS DE MÚLTIPLOS PAVIMENTOS. AF_06/2014","M2",50.22,2.08,2.62,131.58000000000001]
[null,"2.7.6","SERVIÇO","SINAPI",95624,"APLICAÇÃO MANUAL DE TINTA LÁTEX ACRÍLICA EM SUPERFÍCIES EXTERNAS DE SACADA DE EDIFÍCIOS DE MÚLTIPLOS PAVIMENTOS, DUAS DEMÃOS. AF_11/2016","M2",50.22,15.93,20.059999999999999,1007.41]
[null,"2.7.7","SERVIÇO","SINAPI",88412,"APLICAÇÃO MANUAL DE FUNDO SELADOR ACRÍLICO EM PANOS CEGOS DE FACHADA (SEM PRESENÇA DE VÃOS) DE EDIFÍCIOS DE MÚLTIPLOS PAVIMENTOS. AF_06/2014","M2",101.59,1.57,1.98,201.15]
[null,"2.7.8","SERVIÇO","SINAPI",88495,"APLICAÇÃO E LIXAMENTO DE MASSA LÁTEX EM PAREDES, UMA DEMÃO. AF_06/2014","M2",27.41,7.34,9.24,253.27]
[null,"2.7.9","SERVIÇO","SINAPI",88489,"APLICAÇÃO MANUAL DE PINTURA COM TINTA LÁTEX ACRÍLICA EM PAREDES, DUAS DEMÃOS. AF_06/2014","M2",6.2,11.27,14.19,87.98]
[null,"2.7.10","SERVIÇO","SINAPI",94993,"EXECUÇÃO DE PASSEIO (CALÇADA) OU PISO DE CONCRETO COM CONCRETO MOLDADO IN LOCO, USINADO, ACABAMENTO CONVENCIONAL, ESPESSURA 6 CM, ARMADO. AF_07/2016","M2",27.41,50.12,63.11,1729.85]
[null,"2.7.11","SERVIÇO","SINAPI","73807/1","CORRIMAO EM MARMORITE, LARGURA 15CM","M",6.2,85.08,107.13,664.21]
[null,"2.8","INSTALAÇÕES HIDROSANITARIAS",{"$nulls":7},36149.01]
[null,"2.8.1","INSUMO","ORSE",10504,"CHUVEIRO E LAVA-OLHOS DE EMERGÊNCIA E BACIA EM AÇO INOX, DA MARCA ADAMO, REF. 01486 OU SIMILAR","un",1,1498.03,1742.51,1742.51]
[null,"2.8.2","SERVIÇO","SINAPI",90694,"TUBO DE PVC PARA REDE COLETORA DE ESGOTO DE PAREDE MACIÇA, DN 100 MM, JUNTA ELÁSTICA, INSTALADO EM LOCAL COM NÍVEL BAIXO DE INTERFERÊNCIAS - FORNECIMENTO E ASSENTAMENTO. AF_06/2015","M",11.4,21.17,26.66,303.92]
[null,"2.8.3","SERVIÇO","SINAPI",90733,"ASSENTAMENTO DE TUBO DE PVC PARA REDE COLETORA DE ESGOTO DE PAREDE MACIÇA, DN 100 MM, JUNTA ELÁSTICA, INSTALADO EM LOCAL COM NÍVEL BAIXO DE INTERFERÊNCIAS (NÃO INCLUI FORNECIMENTO). AF_06/2015","M",19.899999999999999,2.33,2.93,58.31]
[null,"2.8.4","SERVIÇO","SINAPI",89711,"TUBO PVC, SERIE NORMAL, ESGOTO PREDIAL, DN 40 MM, FORNECIDO E INSTALADO EM RAMAL DE DESCARGA OU RAMAL DE ESGOTO SANITÁRIO. AF_12/2014","M",3.6,12.75,16.05,57.78]
[null,"2.8.5","INSUMO","SINAPI",9838,"TUBO PVC SERIE NORMAL, DN 50 MM, PARA ESGOTO PREDIAL (NBR 5688)","M     ",37.15,"5,47",6.36,236.27]
[null,"2.8.6","INSUMO","SINAPI",9837,"TUBO PVC SERIE NORMAL, DN 75 MM, PARA ESGOTO PREDIAL (NBR 5688)","M     ",6.2,"7,90",9.19,56.98]
[null,"2.8.7","INSUMO","SINAPI",9841,"TUBO PVC, SERIE R, DN 100 MM, PARA ESGOTO OU AGUAS PLUVIAIS PREDIAL (NBR 5688)","M     ",11.4,"22,01",25.6,291.83999999999997]
[null,"2.8.8","INSUMO","SINAPI",9867,"TUBO PVC, SOLDAVEL, DN 20 MM, AGUA FRIA (NBR-5648)","M     ",6.4,"2,08",2.42,15.49]
[null,"2.8.9","INSUMO","SINAPI",9868,"TUBO PVC, SOLDAVEL, DN 25 MM, AGUA FRIA (NBR-5648)","M     ",40.76,"2,67",3.11,126.76]
[null,"2.8.10","INSUMO","SINAPI",9869,"TUBO PVC, SOLDAVEL, DN 32 MM, AGUA FRIA (NBR-5648)","M     ",27,"5,99",6.97,188.19]
[null,"2.8.11","SERVIÇO","SINAPI",91784,"(COMPOSIÇÃO REPRESENTATIVA) DO SERVIÇO DE INSTALAÇÃO DE TUBOS DE PVC, SOLDÁVEL, ÁGUA FRIA, DN 20 MM (INSTALADO EM RAMAL, SUB-RAMAL OU RAMAL DE DISTRIBUIÇÃO), INCLUSIVE CONEXÕES, CORTES E FIXAÇÕES, PARA PRÉDIOS. AF_10/2015","M",6.4,28.75,36.200000000000003,231.68]
[null,"2.8.12","SERVIÇO","SINAPI",91785,"(COMPOSIÇÃO REPRESENTATIVA) DO SERVIÇO DE INSTALAÇÃO DE TUBOS DE PVC, SOLDÁVEL, ÁGUA FRIA, DN 25 MM (INSTALADO EM RAMAL, SUB-RAMAL, RAMAL DE DISTRIBUIÇÃO OU PRUMADA), INCLUSIVE CONEXÕES, CORTES E FIXAÇÕES, PARA PRÉDIOS. AF_10/2015","M",40.76,28.44,35.81,1459.62]
[null,"2.8.13","SERVIÇO","SINAPI",91786,"(COMPOSIÇÃO REPRESENTATIVA) DO SERVIÇO DE INSTALAÇÃO TUBOS DE PVC, SOLDÁVEL, ÁGUA FRIA, DN 32 MM (INSTALADO EM RAMAL, SUB-RAMAL, RAMAL DE DISTRIBUIÇÃO OU PRUMADA), INCLUSIVE CONEXÕES, CORTES E FIXAÇÕES, PARA PRÉDIOS. AF_10/2015","M",27,19.22,24.2,653.4]
[null,"2.8.14","SERVIÇO","SINAPI",91792,"(COMPOSIÇÃO REPRESENTATIVA) DO SERVIÇO DE INSTALAÇÃO DE TUBO DE PVC, SÉRIE NORMAL, ESGOTO PREDIAL, DN 40 MM (INSTALADO EM RAMAL DE DESCARGA OU RAMAL DE ESGOTO SANITÁRIO), INCLUSIVE CONEXÕES, CORTES E FIXAÇÕES, PARA PRÉDIOS. AF_10/2015","M",3.6,37.58,47.32,170.35]
[null,"2.8.15","SERVIÇO","SINAPI",91793,"(COMPOSIÇÃO REPRESENTATIVA) DO SERVIÇO DE INSTALAÇÃO DE TUBO DE PVC, SÉRIE NORMAL, ESGOTO PREDIAL, DN 50 MM (INSTALADO EM RAMAL DE DESCARGA OU RAMAL DE ESGOTO SANITÁRIO), INCLUSIVE CONEXÕES, CORTES E FIXAÇÕES PARA, PRÉDIOS. AF_10/2015","M",37.15,56.77,71.48,2655.48]
[null,"2.8.16","SERVIÇO","SINAPI",91794,"(COMPOSIÇÃO REPRESENTATIVA) DO SERVIÇO DE INST. TUBO PVC, SÉRIE N, ESGOTO PREDIAL, DN 75 MM, (INST. EM RAMAL DE DESCARGA, RAMAL DE ESG. SANITÁRIO, PRUMADA DE ESG. SANITÁRIO OU VENTILAÇÃO), INCL. CONEXÕES, CORTES E FIXAÇÕES, P/ PRÉDIOS. AF_10/2015","M",6.2,25.9,32.61,202.18]
[null,"2.8.17","SERVIÇO","SINAPI",91795,"(COMPOSIÇÃO REPRESENTATIVA) DO SERVIÇO DE INST. TUBO PVC, SÉRIE N, ESGOTO PREDIAL, 100 MM (INST. RAMAL DESCARGA, RAMAL DE ESG. SANIT., PRUMADA ESG. SANIT., VENTILAÇÃO OU SUB-COLETOR AÉREO), INCL. CONEXÕES E CORTES, FIXAÇÕES, P/ PRÉDIOS. AF_10/2015","M",11.4,43.87,55.24,629.74]
[null,"2.8.18","INSUMO","SINAPI",1370,"DUCHA HIGIENICA PLASTICA COM REGISTRO METALICO 1/2 \"","UN    ",2,"83,61",97.26,194.52]
[null,"2.8.19","INSUMO","SINAPI",1368,"CHUVEIRO COMUM EM PLASTICO BRANCO, COM CANO, 3 TEMPERATURAS, 5500 W (110/220 V)","UN    ",2,"61,40",71.42,142.84]
[null,"2.8.20","SERVIÇO","SINAPI",95546,"KIT DE ACESSORIOS PARA BANHEIRO EM METAL CROMADO, 5 PECAS, INCLUSO FIXAÇÃO. AF_01/2020","UN",2,161.24,203.03,406.06]
[null,"2.8.21","SERVIÇO","SINAPI",86888,"VASO SANITÁRIO SIFONADO COM CAIXA ACOPLADA LOUÇA BRANCA - FORNECIMENTO E INSTALAÇÃO. AF_01/2020","UN",2,345.08,434.52,869.04]
[null,"2.8.22","SERVIÇO","SINAPI",100858,"MICTÓRIO SIFONADO LOUÇA BRANCA \u0096 PADRÃO MÉDIO \u0096 FORNECIMENTO E INSTALAÇÃO. AF_01/2020","UN",1,480.55,605.11,605.11]
[null,"2.8.23","SERVIÇO","SINAPI","74229/1","DIVISORIA EM MARMORE BRANCO POLIDO, ESPESSURA 3 CM, ASSENTADO COM ARGAMASSA TRACO 1:4 (CIMENTO E AREIA), ARREMATE COM CIMENTO BRANCO, EXCLUSIVE FERRAGENS","M2",1,501.42,631.39,631.39]
[null,"2.8.24","SERVIÇO","SINAPI","74125/1","ESPELHO CRISTAL ESPESSURA 4MM, COM MOLDURA DE MADEIRA","M2",0.48,382.41,481.53,231.13]
[null,"2.8.25","SERVIÇO","CODEVASF","COMPOSIÇÃO","PONTO DE ESGOTO COM TUBO DE PVC RÍGIDO SOLDÁVEL DE Ø 100 MM (VASO SANITÁRIO)(ORSE)","PT",2,70.5,88.77,177.54]
[null,"2.8.26","SERVIÇO","SINAPI",89707,"CAIXA SIFONADA, PVC, DN 100 X 100 X 50 MM, JUNTA ELÁSTICA, FORNECIDA E INSTALADA EM RAMAL DE DESCARGA OU EM RAMAL DE ESGOTO SANITÁRIO. AF_12/2014","UN",20,27.44,34.549999999999997,691]
[null,"2.8.27","INSUMO","SINAPI",1749,"BANCADA/BANCA/PIA DE ACO INOXIDAVEL (AISI 430) COM 1 CUBA CENTRAL, COM VALVULA, ESCORREDOR DUPLO, DE *0,55 X 1,80* M","UN    ",1,"306,32",356.31,356.31]
[null,"2.8.28","SERVIÇO","SINAPI",86893,"BANCADA DE MÁRMORE BRANCO POLIDO, DE 1,50 X 0,60 M, PARA PIA DE COZINHA - FORNECIMENTO E INSTALAÇÃO. AF_01/2020","UN",1,388.22,488.85,488.85]
[null,"2.8.29","INSUMO","SINAPI",13415,"TORNEIRA CROMADA DE MESA PARA LAVATORIO, PADRAO POPULAR, 1/2 \" OU 3/4 \" (REF 1193)","UN    ",2,"45,40",52.81,105.62]
[null,"2.8.30","SERVIÇO","SINAPI",86889,"BANCADA DE GRANITO CINZA POLIDO, DE 1,50 X 0,60 M, PARA PIA DE COZINHA - FORNECIMENTO E INSTALAÇÃO. AF_01/2020","UN",2,623,784.48,1568.96]
[null,"2.8.31","SERVIÇO","SINAPI",89957,"PONTO DE CONSUMO TERMINAL DE ÁGUA FRIA (SUBRAMAL) COM TUBULAÇÃO DE PVC, DN 25 MM, INSTALADO EM RAMAL DE ÁGUA, INCLUSOS RASGO E CHUMBAMENTO EM ALVENARIA. AF_12/2014","UN",11,92.63,116.64,1283.04]
[null,"2.8.32","INSUMO","SINAPI",6006,"REGISTRO GAVETA COM ACABAMENTO E CANOPLA CROMADOS, SIMPLES, BITOLA 1/2 \" (REF 1509)","UN    ",4,"52,21",60.73,242.92]
[null,"2.8.33","SERVIÇO","SINAPI",89985,"REGISTRO DE PRESSÃO BRUTO, LATÃO, ROSCÁVEL, 3/4\", COM ACABAMENTO E CANOPLA CROMADOS. FORNECIDO E INSTALADO EM RAMAL DE ÁGUA. AF_12/2014","UN",2,63.96,80.540000000000006,161.08000000000001]
[null,"2.8.34","SERVIÇO","SINAPI",94495,"REGISTRO DE GAVETA BRUTO, LATÃO, ROSCÁVEL, 1\u0094, INSTALADO EM RESERVAÇÃO DE ÁGUA DE EDIFICAÇÃO QUE POSSUA RESERVATÓRIO DE FIBRA/FIBROCIMENTO \u0096 FORNECIMENTO E INSTALAÇÃO. AF_06/2016","UN",1,61.96,78.02,78.02]
[null,"2.8.35","SERVIÇO","SINAPI",86920,"TANQUE DE LOUÇA BRANCA COM COLUNA, 30L OU EQUIVALENTE, INCLUSO SIFÃO FLEXÍVEL EM PVC, VÁLVULA PLÁSTICA E TORNEIRA DE METAL CROMADO PADRÃO POPULAR - FORNECIMENTO E INSTALAÇÃO. AF_01/2020","UN",1,616.49,776.28,776.28]
[null,"2.8.36","SERVIÇO","SINAPI","74166/2","CAIXA DE INSPECAO EM ANEL DE CONCRETO PRE MOLDADO, COM 950MM DE ALTURA TOTAL. ANEIS COM ESP=50MM, DIAM.=600MM. EXCLUSIVE TAMPAO E ESCAVACAO - FORNECIMENTO E INSTALACAO","UN",4,232.23,292.42,1169.68]
[null,"2.8.37","SERVIÇO","SINAPI",97902,"CAIXA ENTERRADA HIDRÁULICA RETANGULAR EM ALVENARIA COM TIJOLOS CERÂMICOS MACIÇOS, DIMENSÕES INTERNAS: 0,6X0,6X0,6 M PARA REDE DE ESGOTO. AF_05/2018","UN",1,403.46,508.04,508.04]
[null,"2.8.38","SERVIÇO","SINAPI",98053,"TANQUE SÉPTICO CIRCULAR, EM CONCRETO PRÉ-MOLDADO, DIÂMETRO INTERNO = 1,40 M, ALTURA INTERNA = 2,50 M, VOLUME ÚTIL: 3463,6 L (PARA 13 CONTRIBUINTES). AF_05/2018","UN",2,1555.56,1958.76,3917.52]
[null,"2.8.39","SERVIÇO","SINAPI",98079,"SUMIDOURO RETANGULAR, EM ALVENARIA COM TIJOLOS CERÂMICOS MACIÇOS, DIMENSÕES INTERNAS: 1,0 X 3,0 X 3,0 M, ÁREA DE INFILTRAÇÃO: 25 M² (PARA 10 CONTRIBUINTES). AF_05/2018","UN",2,4949,6231.78,12463.56]
[null,"2.9","INSTALAÇÕES ELETRICAS",{"$nulls":7},35608.839999999997]
[null,"2.9.1","SERVIÇO","SINAPI",93128,"PONTO DE ILUMINAÇÃO RESIDENCIAL INCLUINDO INTERRUPTOR SIMPLES, CAIXA ELÉTRICA, ELETRODUTO, CABO, RASGO, QUEBRA E CHUMBAMENTO (EXCLUINDO LUMINÁRIA E LÂMPADA). AF_01/2016","UN",23,101.96,128.38999999999999,2952.97]
[null,"2.9.2","SERVIÇO","SINAPI",97586,"LUMINÁRIA TIPO CALHA, DE SOBREPOR, COM 2 LÂMPADAS TUBULARES FLUORESCENTES DE 36 W, COM REATOR DE PARTIDA RÁPIDA - FORNECIMENTO E INSTALAÇÃO. AF_02/2020","UN",23,75.97,95.66,2200.1799999999998]
[null,"2.9.3","SERVIÇO","SINAPI",97591,"LUMINÁRIA TIPO PLAFON REDONDO COM VIDRO FOSCO, DE SOBREPOR, COM 2 LÂMPADAS FLUORESCENTES DE 15 W, SEM REATOR - FORNECIMENTO E INSTALAÇÃO. AF_02/2020","UN",4,72.430000000000007,91.2,364.8]
[null,"2.9.4","SERVIÇO","SINAPI",93141,"PONTO DE TOMADA RESIDENCIAL INCLUINDO TOMADA 10A/250V, CAIXA ELÉTRICA, ELETRODUTO, CABO, RASGO, QUEBRA E CHUMBAMENTO. AF_01/2016","UN",29,125.17,157.61000000000001,4570.6899999999996]
[null,"2.9.5","SERVIÇO","SINAPI",93143,"PONTO DE TOMADA RESIDENCIAL INCLUINDO TOMADA 20A/250V, CAIXA ELÉTRICA, ELETRODUTO, CABO, RASGO, QUEBRA E CHUMBAMENTO. AF_01/2016","UN",5,127.32,160.32,801.6]
[null,"2.9.6","SERVIÇO","SINAPI",91987,"CAMPAINHA CIGARRA (1 MÓDULO), 10A/250V, INCLUINDO SUPORTE E PLACA - FORNECIMENTO E INSTALAÇÃO. AF_09/2017","UN",1,35.82,45.1,45.1]
[null,"2.9.7","SERVIÇO","SINAPI",91985,"INTERRUPTOR PULSADOR CAMPAINHA (1 MÓDULO), 10A/250V, INCLUINDO SUPORTE E PLACA - FORNECIMENTO E INSTALAÇÃO. AF_09/2017","UN",1,19.36,24.38,24.38]
[null,"2.9.8","SERVIÇO","CODEVASF","COMPOSIÇÃO","ENTRADA DE ENERGIA ELÉTRICA MONOFÁSICA COM PONTALETE DE AÇO GALVANIZADO D=1 1/2\", FIXADO NO TELHADO (ORSE).","UND",1,130.5,164.33,164.33]
[null,"2.9.9","SERVIÇO","SINAPI",96985,"HASTE DE ATERRAMENTO 5/8  PARA SPDA - FORNECIMENTO E INSTALAÇÃO. AF_12/2017","UN",3,55.97,70.48,211.44]
[null,"2.9.10","SERVIÇO","SINAPI",98111,"CAIXA DE INSPEÇÃO PARA ATERRAMENTO, CIRCULAR, EM POLIETILENO, DIÂMETRO INTERNO = 0,3 M. AF_05/2018","UN",9,25.31,31.87,286.83]
[null,"2.9.11","SERVIÇO","SINAPI","74131/5","QUADRO DE DISTRIBUICAO DE ENERGIA DE EMBUTIR, EM CHAPA METALICA, PARA 24 DISJUNTORES TERMOMAGNETICOS MONOPOLARES, COM BARRAMENTO TRIFASICO E NEUTRO, FORNECIMENTO E INSTALACAO","UN",2,400.99,504.93,1009.86]
[null,"2.9.12","SERVIÇO","SINAPI",93653,"DISJUNTOR MONOPOLAR TIPO DIN, CORRENTE NOMINAL DE 10A - FORNECIMENTO E INSTALAÇÃO. AF_04/2016","UN",29,10.01,12.6,365.4]
[null,"2.9.13","SERVIÇO","SINAPI",93654,"DISJUNTOR MONOPOLAR TIPO DIN, CORRENTE NOMINAL DE 16A - FORNECIMENTO E INSTALAÇÃO. AF_04/2016","UN",15,10.42,13.12,196.8]
[null,"2.9.14","SERVIÇO","SINAPI",93655,"DISJUNTOR MONOPOLAR TIPO DIN, CORRENTE NOMINAL DE 20A - FORNECIMENTO E INSTALAÇÃO. AF_04/2016","UN",5,11.21,14.12,70.599999999999994]
[null,"2.9.15","SERVIÇO","ORSE",7309,"POSTE DE CONCRETO DUPLO T (DT)  9/600 - FORNECIMENTO E ASSENTAMENTO","UN",7,994.38,1252.1199999999999,8764.84]
[null,"2.9.16","SERVIÇO","SINAPI","74231/1","LUMINARIA ABERTA PARA ILUMINACAO PUBLICA, PARA LAMPADA A VAPOR DE MERCURIO ATE 400W E MISTA ATE 500W, COM BRACO EM TUBO DE ACO GALV D=50MM PROJ HOR=2.500MM E PROJ VERT= 2.200MM, FORNECIMENTO E INSTALACAO","UN",4,123.67,155.72999999999999,622.91999999999996]
[null,"2.9.17","SERVIÇO","SINAPI","73831/8","LAMPADA DE VAPOR DE SODIO DE 250WX220V - FORNECIMENTO E INSTALACAO","UN",4,46.7,58.8,235.2]
[null,"2.9.18","SERVIÇO","SINAPI",72281,"REATOR PARA LAMPADA VAPOR DE MERCURIO USO EXTERNO 220V/400W","UN",4,99.99,125.91,503.64]
[null,"2.9.19","SERVIÇO","SINAPI",83399,"RELE FOTOELETRICO P/ COMANDO DE ILUMINACAO EXTERNA 220V/1000W - FORNECIMENTO E INSTALACAO","UN",4,28.42,35.79,143.16]
[null,"2.9.20","INSUMO","SINAPI",39258,"CABO MULTIPOLAR DE COBRE, FLEXIVEL, CLASSE 4 OU 5, ISOLACAO EM HEPR, COBERTURA EM PVC-ST2, ANTICHAMA BWF-B, 0,6/1 KV, 3 CONDUTORES DE 2,5 MM2","M     ",280,"6,57",7.64,2139.1999999999998]
[null,"2.9.21","SERVIÇO","CODEVASF","COMPOSIÇÃO","REDE DE DISTRIBUIÇÃO SECUNDÁRIA, PARA CABO DE COBRE NÚ 16 MM², TENSÃO DE 380 V, COM ESTRUTURA DE ALINHAMENTO EM POSTE DE CONCRETO ARMADO DUPLO T 150/9 (CONDUTOR INCLUSO E TRANSFORMADOR NÃO INCLUSOS) (SEINFRA- C4277)","KM",0.32,24655.77,31046.55,9934.9]
[null,"2.10","URBANIZAÇÃO",{"$nulls":7},15853.93]
[null,"2.10.1","SERVIÇO","SINAPI",98525,"LIMPEZA MECANIZADA DE CAMADA VEGETAL, VEGETAÇÃO E PEQUENAS ÁRVORES (DIÂMETRO DE TRONCO MENOR QUE 0,20 M), COM TRATOR DE ESTEIRAS.AF_05/2018","M2",930.95,0.26,0.33,307.20999999999998]
[null,"2.10.2","SERVIÇO","SINAPI",101190,"CERCA COM MOURÕES DE CONCRETO, RETO, H=3,00 M, ESPAÇAMENTO DE 2,5 M, CRAVADOS 0,5 M, COM 4 FIOS DE ARAME DE AÇO OVALADO 15X17 - FORNECIMENTO E INSTALAÇÃO. AF_05/2020","M",122,39.19,49.35,6020.7]
[null,"2.10.3","SERVIÇO","CODEVASF","COMPOSIÇÃO","MURO EM ALVENARIA BLOCO CERÂMICO, E=0,09M, C/ALV DE PEDRA (35X60CM), PILARES (9X20CM) A CADA 3,0M, CINTAS INFERIOR E SUPERIOR (9X15CM) EM CONCRETO ARMADO FCK=15,0 MPA, C/CHAPISCO, REBOCO E PINTURA SOBRE ALVENARIA, C/CINTAS E PILARES APARENTES (ORSE).","M²",26,175.61,221.13,5749.38]
[null,"2.10.4","SERVIÇO","SINAPI",68054,"PORTAO DE FERRO EM CHAPA GALVANIZADA PLANA 14 GSG","M2",8,226.31,284.97000000000003,2279.7600000000002]
[null,"2.10.5","SERVIÇO","SINAPI",85188,"PORTAO EM TUBO DE ACO GALVANIZADO DIN 2440/NBR 5580, PAINEL ÚNICO, DIMENSOES 1,0X1,6M, INCLUSIVE CADEADO","UM",2,594.38,748.44,1496.88]
[null,"2.11","ESTAÇÃO DE TRATAMENTO DE ÁGUA - ETA",{"$nulls":7},33040.53]
[null,"2.11.1","SERVIÇO","SINAPI",101232,"ESCAVAÇÃO VERTICAL A CÉU ABERTO, EM OBRAS DE INFRAESTRUTURA, INCLUINDO CARGA, DESCARGA E TRANSPORTE, EM SOLO DE 1ª CATEGORIA COM ESCAVADEIRA HIDRÁULICA (CAÇAMBA: 1,2 M³ / 155 HP), FROTA DE 3 CAMINHÕES BASCULANTES DE 14 M³, DMT ATÉ 1 KM E VELOCIDADE MÉDIA14KM/H. AF_05/2020","M3",24.3,5.44,6.85,166.46]
[null,"2.11.2","SERVIÇO","SINAPI",95241,"LASTRO DE CONCRETO MAGRO, APLICADO EM PISOS OU RADIERS, ESPESSURA DE 5 CM. AF_07/2016","M2",18.489999999999998,20.85,26.25,485.36]
[null,"2.11.3","SERVIÇO","SINAPI",94971,"CONCRETO FCK = 25MPA, TRAÇO 1:2,3:2,7 (CIMENTO/ AREIA MÉDIA/ BRITA 1)  - PREPARO MECÂNICO COM BETONEIRA 600 L. AF_07/2016","M3",3.76,319.85000000000002,402.76,1514.38]
[null,"2.11.4","SERVIÇO","SINAPI",92874,"LANÇAMENTO COM USO DE BOMBA, ADENSAMENTO E ACABAMENTO DE CONCRETO EM ESTRUTURAS. AF_12/2015","M3",3.76,24.18,30.45,114.49]
[null,"2.11.5","SERVIÇO","SINAPI",97086,"FABRICAÇÃO, MONTAGEM E DESMONTAGEM DE FORMA PARA RADIER, EM MADEIRA SERRADA, 4 UTILIZAÇÕES. AF_09/2017","M2",13.54,73.36,92.37,1250.69]
[null,"2.11.6","SERVIÇO","SINAPI",92759,"ARMAÇÃO DE PILAR OU VIGA DE UMA ESTRUTURA CONVENCIONAL DE CONCRETO ARMADO EM UM EDIFÍCIO DE MÚLTIPLOS PAVIMENTOS UTILIZANDO AÇO CA-60 DE 5,0 MM - MONTAGEM. AF_12/2015","KG",112.8,9.77,12.3,1387.44]
[null,"2.11.7","SERVIÇO","SINAPI",96546,"ARMAÇÃO DE BLOCO, VIGA BALDRAME OU SAPATA UTILIZANDO AÇO CA-50 DE 10 MM - MONTAGEM. AF_06/2017","KG",188,8.44,10.63,1998.44]
[null,"2.11.8","SERVIÇO","SINAPI",89300,"ALVENARIA ESTRUTURAL DE BLOCOS CERÂMICOS 14X19X39, (ESPESSURA DE 14 CM), PARA PAREDES COM ÁREA LÍQUIDA MAIOR OU IGUAL A 6M², SEM VÃOS, UTILIZANDO COLHER DE PEDREIRO E ARGAMASSA DE ASSENTAMENTO COM PREPARO EM BETONEIRA. AF_12/2014","M2",16.5,50.75,63.9,1054.3499999999999]
[null,"2.11.9","SERVIÇO","SINAPI","74202/1","LAJE PRE-MOLDADA P/FORRO, SOBRECARGA 100KG/M2, VAOS ATE 3,50M/E=8CM, C/LAJOTAS E CAP.C/CONC FCK=20MPA, 3CM, INTER-EIXO 38CM, C/ESCORAMENTO (REAPR.3X) E FERRAGEM NEGATIVA","M2",18.489999999999998,63.61,80.099999999999994,1481.05]
[null,"2.11.10","SERVIÇO","SINAPI",94971,"CONCRETO FCK = 25MPA, TRAÇO 1:2,3:2,7 (CIMENTO/ AREIA MÉDIA/ BRITA 1)  - PREPARO MECÂNICO COM BETONEIRA 600 L. AF_07/2016","M3",0.56000000000000005,319.85000000000002,402.76,225.55]
[null,"2.11.11","SERVIÇO","SINAPI",92874,"LANÇAMENTO COM USO DE BOMBA, ADENSAMENTO E ACABAMENTO DE CONCRETO EM ESTRUTURAS. AF_12/2015","M3",0.56000000000000005,24.18,30.45,17.05]
[null,"2.11.12","SERVIÇO","SINAPI",97086,"FABRICAÇÃO, MONTAGEM E DESMONTAGEM DE FORMA PARA RADIER, EM MADEIRA SERRADA, 4 UTILIZAÇÕES. AF_09/2017","M2",7.04,73.36,92.37,650.28]
[null,"2.11.13","SERVIÇO","SINAPI",92759,"ARMAÇÃO DE PILAR OU VIGA DE UMA ESTRUTURA CONVENCIONAL DE CONCRETO ARMADO EM UM EDIFÍCIO DE MÚLTIPLOS PAVIMENTOS UTILIZANDO AÇO CA-60 DE 5,0 MM - MONTAGEM. AF_12/2015","KG",16.8,9.77,12.3,206.64]
[null,"2.11.14","SERVIÇO","SINAPI",87879,"CHAPISCO APLICADO EM ALVENARIAS E ESTRUTURAS DE CONCRETO INTERNAS, COM COLHER DE PEDREIRO.  ARGAMASSA TRAÇO 1:3 COM PREPARO EM BETONEIRA 400L. AF_06/2014","M2",18.260000000000002,2.87,3.61,65.92]
[null,"2.11.15","SERVIÇO","SINAPI",96995,"REATERRO MANUAL APILOADO COM SOQUETE. AF_10/2017","M3",3.13,34.340000000000003,43.24,135.34]
[null,"2.11.16","SERVIÇO","SINAPI",98561,"IMPERMEABILIZAÇÃO DE PAREDES COM ARGAMASSA DE CIMENTO E AREIA, COM ADITIVO IMPERMEABILIZANTE, E = 2CM. AF_06/2018","M2",38.61,30.59,38.520000000000003,1487.26]
[null,"2.11.17","SERVIÇO","SINAPI",98555,"IMPERMEABILIZAÇÃO DE SUPERFÍCIE COM ARGAMASSA POLIMÉRICA / MEMBRANA ACRÍLICA, 3 DEMÃOS. AF_06/2018","M2",8,20.59,25.93,207.44]
[null,"2.11.18","SERVIÇO","SINAPI",98561,"IMPERMEABILIZAÇÃO DE PAREDES COM ARGAMASSA DE CIMENTO E AREIA, COM ADITIVO IMPERMEABILIZANTE, E = 2CM. AF_06/2018","M2",18.260000000000002,30.59,38.520000000000003,703.38]
[null,"2.11.19","SERVIÇO","CODEVASF","COMPOSIÇÃO","RESERVATORIO ELEVADO C/ CAIXA D'AGUA EM FIBRA DE VIDRO DE 5.000 LITROS APOIADO EM ESTRUTURA PRE-MOLDADA CONCRETO, COMPOSTA DE CAPITEL P/APOIO DA CAIXA E PILAR CILINDRICO C/ALTURA UTIL = 6,00M, INCLUSO FRETE E MONTAGEM NO LOCAL, EXCETO INST.HIDRAULICA (ORSE).","UND",1,8013.72,10090.879999999999,10090.879999999999]
[null,"2.11.20","SERVIÇO","CODEVASF","COMPOSIÇÃO","HIPOCLORADOR / BOMBA DOSADORA ANALÓGICA DE SOLUÇÕES, VAZÃO DE 0,5 À 15 L/H E PRESÃO DE 0 À 15 BAR (ORSE).","UND",1,605.03,761.85,761.85]
[null,"2.11.21","INSUMO","SINAPI",10575,"BOMBA CENTRIFUGA MOTOR ELETRICO MONOFASICO 0,50 CV DIAMETRO DE SUCCAO X ELEVACAO 3/4\" X 3/4\", MONOESTAGIO, DIAMETRO DOS ROTORES 114 MM, HM/Q: 2 M / 2,99 M3/H A 24 M / 0,71 M3/H","UN    ",2,"864,97",1006.13,2012.26]
[null,"2.11.22","SERVIÇO","CODEVASF","COMPOSIÇÃO","C3417 - INSTALAÇÃO ELETROMECÂNICA DE CONJUNTO MOTO-BOMBA ATÉ 4 CV - UN (SEINFRA)","UND",1,437.2,550.52,550.52]
[null,"2.11.23","SERVIÇO","SINAPI",87489,"ALVENARIA DE VEDAÇÃO DE BLOCOS CERÂMICOS FURADOS NA VERTICAL DE 9X19X39CM (ESPESSURA 9CM) DE PAREDES COM ÁREA LÍQUIDA MAIOR OU IGUAL A 6M² COM VÃOS E ARGAMASSA DE ASSENTAMENTO COM PREPARO EM BETONEIRA. AF_06/2014","M2",23.5,34.57,43.53,1022.96]
[null,"2.11.24","SERVIÇO","SINAPI",93184,"VERGA PRÉ-MOLDADA PARA PORTAS COM ATÉ 1,5 M DE VÃO. AF_03/2016","M",3.9,16.350000000000001,20.59,80.3]
[null,"2.11.25","SERVIÇO","SINAPI",87879,"CHAPISCO APLICADO EM ALVENARIAS E ESTRUTURAS DE CONCRETO INTERNAS, COM COLHER DE PEDREIRO.  ARGAMASSA TRAÇO 1:3 COM PREPARO EM BETONEIRA 400L. AF_06/2014","M2",47,2.87,3.61,169.67]
[null,"2.11.26","SERVIÇO","SINAPI",90407,"MASSA ÚNICA, PARA RECEBIMENTO DE PINTURA, EM ARGAMASSA TRAÇO 1:2:8, PREPARO MANUAL, APLICADA MANUALMENTE EM TETO, ESPESSURA DE 20MM, COM EXECUÇÃO DE TALISCAS. AF_03/2015","M2",47,34.840000000000003,43.87,2061.89]
[null,"2.11.27","SERVIÇO","ORSE",8900,"PORTÃO DE FERRO DE ABRIR COM UMA FOLHA, COM BARRA QUADRADA DE 1/2\" NA VERTICA L, UMA BARRA DE QUADRADA DE 1/2\" NA HORIZONTAL E QUADRO COM BARRA DE FERRO DE 1/2\", INCLUSIVE DOBRADIÇAS, FERROLHOS E CHUMBADORES COM PARAFUSOS","M2",2.1,564.77,711.16,1493.44]
[null,"2.11.28","SERVIÇO","SINAPI",92543,"TRAMA DE MADEIRA COMPOSTA POR TERÇAS PARA TELHADOS DE ATÉ 2 ÁGUAS PARA TELHA ONDULADA DE FIBROCIMENTO, METÁLICA, PLÁSTICA OU TERMOACÚSTICA, INCLUSO TRANSPORTE VERTICAL. AF_07/2019","M2",15,9.52,11.99,179.85]
[null,"2.11.29","SERVIÇO","SINAPI",55960,"IMUNIZACAO DE MADEIRAMENTO PARA COBERTURA UTILIZANDO CUPINICIDA INCOLOR","M2",15,4.49,5.65,84.75]
[null,"2.11.30","SERVIÇO","SINAPI",94207,"TELHAMENTO COM TELHA ONDULADA DE FIBROCIMENTO E = 6 MM, COM RECOBRIMENTO LATERAL DE 1/4 DE ONDA PARA TELHADO COM INCLINAÇÃO MAIOR QUE 10°, COM ATÉ 2 ÁGUAS, INCLUSO IÇAMENTO. AF_07/2019","M2",15,44.35,55.85,837.75]
[null,"2.11.31","SERVIÇO","SINAPI",101161,"ALVENARIA DE VEDAÇÃO COM ELEMENTO VAZADO DE CONCRETO (COBOGÓ) DE 7X50X50CM E ARGAMASSA DE ASSENTAMENTO COM PREPARO EM BETONEIRA. AF_05/2020","M2",2,135.91999999999999,171.15,342.3]
[null,"2.11.32","INSUMO","SINAPI",7307,"FUNDO ANTICORROSIVO PARA METAIS FERROSOS (ZARCAO)","L     ",4.2,"24,78",28.82,121.04]
[null,"2.11.33","SERVIÇO","SINAPI","73739/1","PINTURA ESMALTE ACETINADO EM MADEIRA, DUAS DEMAOS","M2",4.2,15.04,18.940000000000001,79.55]
[null,"2.12","LIMPEZA E ENTREGA",{"$nulls":7},76.58]
[null,"2.12.1","SERVIÇO","SINAPI",99802,"LIMPEZA DE PISO CERÂMICO OU PORCELANATO COM VASSOURA A SECO. AF_04/2019","M2",174.04,0.35,0.44,76.58]
[null,"TOTAL GERAL DA OBRA_01 unidade:",{"$nulls":8},374966.06]

{"sheet":"Planilha de Serviços_04 unids","index":1,"n_rows":202,"n_cols":24,"rows_kept":202,"cut":false,"hidden":false,"merged":[[6,12,6,20],[7,1,7,10],[12,6,13,6],[0,1,4,10],[5,1,5,4],[5,5,5,10],[6,1,6,10],[8,9,8,10],[12,7,13,7],[12,8,12,10],[20,2,20,9],[137,2,137,9],[159,2,159,9],[165,2,165,9],[199,2,199,9],[38,2,38,9],[55,2,55,9],[70,2,70,9],[79,2,79,9],[85,2,85,9],[97,2,97,9],[8,1,8,8],[201,1,201,9],[24,2,24,9],[9,1,10,5],[9,6,9,8],[10,6,10,7],[12,1,13,1],[12,2,13,2],[12,3,13,3],[12,4,13,4],[12,5,13,5],[14,2,14,9],[19,2,19,9]]}
[]
[]
[]
[]
[]
[{"$nulls":5},"COMPANHIA DE DESENVOLVIMENTO DOS VALES DO SÃO FRANCISCO E DO PARNAÍBA\n3ª Superintendência Regional"]
[null,"SERVIÇOS NECESSÁRIOS A CONSTRUÇÃO DE UNIDADE DE BENEFICIAMENTO DE MEL, EM DIVERSOS MUNICÍPIOS INSERIDOS NA ÁREA DE ATUAÇÃO DA 3ª SUPERINTENDÊNCIA REGIONAL DA CODEVASF, ATRAVÉS DE SISTEMA DE REGISTRO DE PREÇOS - SRP.  ",{"$nulls":10},"PARÂMETROS PARA REAJUSTAMENTO DE PREÇOS"]
[null,"PLANILHA ORÇAMENTÁRIO - 04,00 (QUATRO) UNIDADES",{"$nulls":10},"N1","N2","N3","N4","N5","N6","N7","N8","TOTAL"]
[null,"PLANILHA ORÇAMENTÁRIA DE SERVIÇOS",{"$nulls":7},"AGOSTO DE 2020"]
[null,"TABELAS DE REFERÊNCIA ( DESONERAÇÃO): ",{"$nulls":4},"AGOSTO DE 2020",null,null,"ORSE :","05/2020",null,{"$error":"#REF!"},{"$error":"#REF!"},{"$error":"#REF!"},{"$error":"#REF!"},{"$error":"#REF!"},{"$error":"#REF!"},{"$error":"#REF!"},{"$error":"#REF!"},{"$error":"#REF!"}]
[{"$nulls":6},"SEINFRA:",null,"026","SINAPI:","06/2020"]
[{"$nulls":6},"BDI:","SERVIÇOS:",0.25919999999999999,"MATERIAIS:",0.16320000000000001]
[null,"ITEM","TIPO","FONTE","CÓDIGO","DISCRIMINAÇÃO DOS SERVIÇOS","UNID.","QUANT.","PREÇO (R$)",null,null,null,{"$error":"#REF!"},{"$error":"#REF!"},{"$error":"#REF!"},{"$error":"#REF!"},{"$error":"#REF!"},{"$error":"#REF!"},{"$error":"#REF!"},{"$error":"#REF!"},{"$error":"#REF!"}]
[{"$nulls":8},"SEM BDI","COM BDI","TOTAL",4]
[null,1,"INSTALAÇÕES PRELIMINARES E CANTEIRO DE OBRAS",{"$nulls":7},118486.6]
[null,"1.1","INSUMO","SINAPI",4813,"PLACA DE OBRA (PARA CONSTRUCAO CIVIL) EM CHAPA GALVANIZADA *N. 22*, ADESIVADA, DE *2,0 X 1,125* M","M2    ",12,"300,00",348.96,4187.5200000000004,3,"N1 – percentual de ponderação de serviços de terraplenagem frente a totalidade dos serviços a executar",{"$nulls":10},4187.5200000000004]
[null,"1.2","SERVIÇO","CODEVASF","COMPOSIÇÃO","MOBILIZAÇÃO DE EQUIPAMENTOS, MATERIAIS E PESSOAL","UN ",4,837.2,1054.2,4216.8,1,"N7 - percentual de ponderação de serviços de máquinas e equipamentos industriais frente a totalidade dos serviços a executar.",{"$nulls":10},4216.8]
[null,"1.3","SERVIÇO","CODEVASF","COMPOSIÇÃO","DESMOBILIZAÇÃO DE EQUIPAMENTOS, MATERIAIS E PESSOAL","UN ",4,837.2,1054.2,4216.8,1,"N8 - percentual de ponderação de serviços de materiais e equipamentos elétricos e automação frente a totalidade dos serviços a executar.",{"$nulls":10},4216.8]
[null,"1.4","SERVIÇO","CODEVASF","COMPOSIÇÃO","LOCAÇÃO, ADMINISTRAÇÃO E MANUTENÇÃO DE CANTEIRO DE OBRA","UN ",4,21018.400000000001,26466.37,105865.48,1,{"$nulls":11},105865.48]
[null,2,"UNIDADE DE PRODUÇÃO - LABORATÓRIO -ADMINISTRAÇÃO",{"$nulls":7},1381377.44,{"$nulls":12},0]
[null,"2.1","SERVIÇOS PRELIMINARES",{"$nulls":7},39077.64,{"$nulls":12},0]
[null,"2.1.1","SERVIÇO","CODEVASF","COMPOSIÇÃO","C3508 - ELABORAÇÃO DE PROJETO DE CÁLCULO ESTRUTURAL (RESERVATÓRIO APOIADO, ELEVATÓRIA E  CAIXA DE AREIA) - M2xARF (SEINFRA)","M²",764.76,28.01,35.270000000000003,26973.09,191.19,{"$nulls":11},26973.09]
[null,"2.1.2","SERVIÇO","SEINFRA","C3160","DESMATAMENTO DE JAZIDA","M²",1076.2,"0,34",0.43,462.77,269.05,{"$nulls":11},462.77]
[null,"2.1.3","SERVIÇO","SINAPI",99059,"LOCACAO CONVENCIONAL DE OBRA, UTILIZANDO GABARITO DE TÁBUAS CORRIDAS PONTALETADAS A CADA 2,00M -  2 UTILIZAÇÕES. AF_10/2018","M",283.60000000000002,32.6,41.05,11641.78,70.900000000000006,{"$nulls":11},11641.78]
[null,"2.2","INFRAESTRUTURA",{"$nulls":7},188479.55,{"$nulls":12},0]
[null,"2.2.1","SERVIÇO","SINAPI",101232,"ESCAVAÇÃO VERTICAL A CÉU ABERTO, EM OBRAS DE INFRAESTRUTURA, INCLUINDO CARGA, DESCARGA E TRANSPORTE, EM SOLO DE 1ª CATEGORIA COM ESCAVADEIRA HIDRÁULICA (CAÇAMBA: 1,2 M³ / 155 HP), FROTA DE 3 CAMINHÕES BASCULANTES DE 14 M³, DMT ATÉ 1 KM E VELOCIDADE MÉDIA14KM/H. AF_05/2020","M3",196.2,5.44,6.85,1343.97,49.05,6.23,{"$nulls":10},1343.97]
[null,"2.2.2","SERVIÇO","SINAPI",95241,"LASTRO DE CONCRETO MAGRO, APLICADO EM PISOS OU RADIERS, ESPESSURA DE 5 CM. AF_07/2016","M2",280.27999999999997,20.85,26.25,7357.35,70.069999999999993,{"$nulls":11},7357.35]
[null,"2.2.3","SERVIÇO","SINAPI",94971,"CONCRETO FCK = 25MPA, TRAÇO 1:2,3:2,7 (CIMENTO/ AREIA MÉDIA/ BRITA 1)  - PREPARO MECÂNICO COM BETONEIRA 600 L. AF_07/2016","M3",43.6,319.85000000000002,402.76,17560.34,10.9,66.465000000000003,{"$nulls":10},17560.34]
[null,"2.2.4","SERVIÇO","SINAPI",94971,"CONCRETO FCK = 25MPA, TRAÇO 1:2,3:2,7 (CIMENTO/ AREIA MÉDIA/ BRITA 1)  - PREPARO MECÂNICO COM BETONEIRA 600 L. AF_07/2016","M3",10.52,319.85000000000002,402.76,4237.04,2.63,66.465000000000003,{"$nulls":10},4237.04]
[null,"2.2.5","SERVIÇO","SINAPI",94971,"CONCRETO FCK = 25MPA, TRAÇO 1:2,3:2,7 (CIMENTO/ AREIA MÉDIA/ BRITA 1)  - PREPARO MECÂNICO COM BETONEIRA 600 L. AF_07/2016","M3",15.92,319.85000000000002,402.76,6411.94,3.98,66.465000000000003,{"$nulls":10},6411.94]
[null,"2.2.6","SERVIÇO","SINAPI",92874,"LANÇAMENTO COM USO DE BOMBA, ADENSAMENTO E ACABAMENTO DE CONCRETO EM ESTRUTURAS. AF_12/2015","M3",70.040000000000006,24.18,30.45,2132.7199999999998,17.510000000000002,{"$nulls":11},2132.7199999999998]
[null,"2.2.7","SERVIÇO","SINAPI",97086,"FABRICAÇÃO, MONTAGEM E DESMONTAGEM DE FORMA PARA RADIER, EM MADEIRA SERRADA, 4 UTILIZAÇÕES. AF_09/2017","M2",297.68,73.36,92.37,27496.7,74.42,{"$nulls":11},27496.7]
[null,"2.2.8","SERVIÇO","SINAPI",97086,"FABRICAÇÃO, MONTAGEM E DESMONTAGEM DE FORMA PARA RADIER, EM MADEIRA SERRADA, 4 UTILIZAÇÕES. AF_09/2017","M2",114.24,73.36,92.37,10552.35,28.56,{"$nulls":11},10552.35]
[null,"2.2.9","SERVIÇO","SINAPI",97086,"FABRICAÇÃO, MONTAGEM E DESMONTAGEM DE FORMA PARA RADIER, EM MADEIRA SERRADA, 4 UTILIZAÇÕES. AF_09/2017","M2",212.36,73.36,92.37,19615.689999999999,53.09,{"$nulls":11},19615.689999999999]
[null,"2.2.10","SERVIÇO","SINAPI",92759,"ARMAÇÃO DE PILAR OU VIGA DE UMA ESTRUTURA CONVENCIONAL DE CONCRETO ARMADO EM UM EDIFÍCIO DE MÚLTIPLOS PAVIMENTOS UTILIZANDO AÇO CA-60 DE 5,0 MM - MONTAGEM. AF_12/2015","KG",2101.1999999999998,9.77,12.3,25844.76,525.29999999999995,{"$nulls":11},25844.76]
[null,"2.2.11","SERVIÇO","SINAPI",96546,"ARMAÇÃO DE BLOCO, VIGA BALDRAME OU SAPATA UTILIZANDO AÇO CA-50 DE 10 MM - MONTAGEM. AF_06/2017","KG",3502,8.44,10.63,37226.26,875.5,{"$nulls":11},37226.26]
[null,"2.2.12","SERVIÇO","SINAPI",89300,"ALVENARIA ESTRUTURAL DE BLOCOS CERÂMICOS 14X19X39, (ESPESSURA DE 14 CM), PARA PAREDES COM ÁREA LÍQUIDA MAIOR OU IGUAL A 6M², SEM VÃOS, UTILIZANDO COLHER DE PEDREIRO E ARGAMASSA DE ASSENTAMENTO COM PREPARO EM BETONEIRA. AF_12/2014","M2",424.72,50.75,63.9,27139.61,106.18,{"$nulls":11},27139.61]
[null,"2.2.13","SERVIÇO","SINAPI",87879,"CHAPISCO APLICADO EM ALVENARIAS E ESTRUTURAS DE CONCRETO INTERNAS, COM COLHER DE PEDREIRO.  ARGAMASSA TRAÇO 1:3 COM PREPARO EM BETONEIRA 400L. AF_06/2014","M2",432.36,2.87,3.61,1560.82,108.09,{"$nulls":11},1560.82]
[null,"2.3","SUPERESTRUTURA",{"$nulls":7},285894.86,0,{"$nulls":11},0]
[null,"2.3.1","SERVIÇO","SINAPI",87489,"ALVENARIA DE VEDAÇÃO DE BLOCOS CERÂMICOS FURADOS NA VERTICAL DE 9X19X39CM (ESPESSURA 9CM) DE PAREDES COM ÁREA LÍQUIDA MAIOR OU IGUAL A 6M² COM VÃOS E ARGAMASSA DE ASSENTAMENTO COM PREPARO EM BETONEIRA. AF_06/2014","M2",1003.96,34.57,43.53,43702.38,250.99,{"$nulls":11},43702.38]
[null,"2.3.2","SERVIÇO","SINAPI",93184,"VERGA PRÉ-MOLDADA PARA PORTAS COM ATÉ 1,5 M DE VÃO. AF_03/2016","M",161.19999999999999,16.350000000000001,20.59,3319.11,40.299999999999997,{"$nulls":11},3319.11]
[null,"2.3.3","SERVIÇO","SINAPI",93194,"CONTRAVERGA PRÉ-MOLDADA PARA VÃOS DE ATÉ 1,5 M DE COMPRIMENTO. AF_03/2016","M",83.2,21.18,26.67,2218.94,20.8,{"$nulls":11},2218.94]
[null,"2.3.4","SERVIÇO","SINAPI",94971,"CONCRETO FCK = 25MPA, TRAÇO 1:2,3:2,7 (CIMENTO/ AREIA MÉDIA/ BRITA 1)  - PREPARO MECÂNICO COM BETONEIRA 600 L. AF_07/2016","M3",12.4,319.85000000000002,402.76,4994.22,3.1,{"$nulls":11},4994.22]
[null,"2.3.5","SERVIÇO","SINAPI",94971,"CONCRETO FCK = 25MPA, TRAÇO 1:2,3:2,7 (CIMENTO/ AREIA MÉDIA/ BRITA 1)  - PREPARO MECÂNICO COM BETONEIRA 600 L. AF_07/2016","M3",23.92,319.85000000000002,402.76,9634.02,5.98,{"$nulls":11},9634.02]
[null,"2.3.6","SERVIÇO","SINAPI",92874,"LANÇAMENTO COM USO DE BOMBA, ADENSAMENTO E ACABAMENTO DE CONCRETO EM ESTRUTURAS. AF_12/2015","M3",36.32,24.18,30.45,1105.94,9.08,{"$nulls":11},1105.94]
[null,"2.3.7","SERVIÇO","SINAPI",97086,"FABRICAÇÃO, MONTAGEM E DESMONTAGEM DE FORMA PARA RADIER, EM MADEIRA SERRADA, 4 UTILIZAÇÕES. AF_09/2017","M2",155,73.36,92.37,14317.35,38.75,{"$nulls":11},14317.35]
[null,"2.3.8","SERVIÇO","SINAPI",97086,"FABRICAÇÃO, MONTAGEM E DESMONTAGEM DE FORMA PARA RADIER, EM MADEIRA SERRADA, 4 UTILIZAÇÕES. AF_09/2017","M2",318.83999999999997,73.36,92.37,29451.25,79.709999999999994,51.66,11.64,{"$nulls":9},29451.25]
[null,"2.3.9","SERVIÇO","SINAPI",92759,"ARMAÇÃO DE PILAR OU VIGA DE UMA ESTRUTURA CONVENCIONAL DE CONCRETO ARMADO EM UM EDIFÍCIO DE MÚLTIPLOS PAVIMENTOS UTILIZANDO AÇO CA-60 DE 5,0 MM - MONTAGEM. AF_12/2015","KG",1089.5999999999999,9.77,12.3,13402.08,272.39999999999998,{"$nulls":11},13402.08]
[null,"2.3.10","SERVIÇO","SINAPI",96546,"ARMAÇÃO DE BLOCO, VIGA BALDRAME OU SAPATA UTILIZANDO AÇO CA-50 DE 10 MM - MONTAGEM. AF_06/2017","KG",1816,8.44,10.63,19304.080000000002,454,{"$nulls":11},19304.080000000002]
[null,"2.3.11","SERVIÇO","SINAPI",95241,"LASTRO DE CONCRETO MAGRO, APLICADO EM PISOS OU RADIERS, ESPESSURA DE 5 CM. AF_07/2016","M2",429.32,20.85,26.25,11269.65,107.33,{"$nulls":11},11269.65]
[null,"2.3.12","SERVIÇO","SINAPI",84191,"PISO EM GRANILITE, MARMORITE OU GRANITINA ESPESSURA 8 MM, INCLUSO JUNTAS DE DILATACAO PLASTICAS","M2",429.32,96.27,121.22,52042.17,107.33,{"$nulls":11},52042.17]
[null,"2.3.13","SERVIÇO","SINAPI",92394,"EXECUÇÃO DE PAVIMENTO EM PISO INTERTRAVADO, COM BLOCO SEXTAVADO DE 25 X 25 CM, ESPESSURA 8 CM. AF_12/2015","M2",329.44,48.78,61.42,20234.2,82.36,{"$nulls":11},20234.2]
[null,"2.3.14","SERVIÇO","SINAPI","73850/1","RODAPE EM MARMORITE, ALTURA 10CM","M",527.79999999999995,21.92,27.6,14567.28,131.94999999999999,{"$nulls":11},14567.28]
[null,"2.3.15","SERVIÇO","SINAPI",94263,"GUIA (MEIO-FIO) CONCRETO, MOLDADA  IN LOCO  EM TRECHO RETO COM EXTRUSORA, 13 CM BASE X 22 CM ALTURA. AF_06/2016","M",78.400000000000006,21.9,27.58,2162.27,19.600000000000001,{"$nulls":11},2162.27]
[null,"2.3.16","SERVIÇO","SINAPI","74141/1","LAJE PRE-MOLD BETA 11 P/1KN/M2 VAOS 4,40M/INCL VIGOTAS TIJOLOS ARMADURA NEGATIVA CAPEAMENTO 3CM CONCRETO 20MPA ESCORAMENTO MATERIAL E MAO  DE OBRA.","M2",486.56,72.09,90.78,44169.919999999998,121.64,{"$nulls":11},44169.919999999998]
[null,"2.4","TELHADO",{"$nulls":7},89361.279999999999,0,{"$nulls":11},0]
[null,"2.4.1","SERVIÇO","SINAPI",87489,"ALVENARIA DE VEDAÇÃO DE BLOCOS CERÂMICOS FURADOS NA VERTICAL DE 9X19X39CM (ESPESSURA 9CM) DE PAREDES COM ÁREA LÍQUIDA MAIOR OU IGUAL A 6M² COM VÃOS E ARGAMASSA DE ASSENTAMENTO COM PREPARO EM BETONEIRA. AF_06/2014","M2",186,34.57,43.53,8096.58,46.5,{"$nulls":11},8096.58]
[null,"2.4.2","SERVIÇO","SINAPI",94971,"CONCRETO FCK = 25MPA, TRAÇO 1:2,3:2,7 (CIMENTO/ AREIA MÉDIA/ BRITA 1)  - PREPARO MECÂNICO COM BETONEIRA 600 L. AF_07/2016","M3",4,319.85000000000002,402.76,1611.04,1,{"$nulls":11},1611.04]
[null,"2.4.3","SERVIÇO","SINAPI",92874,"LANÇAMENTO COM USO DE BOMBA, ADENSAMENTO E ACABAMENTO DE CONCRETO EM ESTRUTURAS. AF_12/2015","M3",4,24.18,30.45,121.8,1,{"$nulls":11},121.8]
[null,"2.4.4","SERVIÇO","SINAPI",97086,"FABRICAÇÃO, MONTAGEM E DESMONTAGEM DE FORMA PARA RADIER, EM MADEIRA SERRADA, 4 UTILIZAÇÕES. AF_09/2017","M2",52.52,73.36,92.37,4851.2700000000004,13.13,{"$nulls":11},4851.2700000000004]
[null,"2.4.5","SERVIÇO","SINAPI",92759,"ARMAÇÃO DE PILAR OU VIGA DE UMA ESTRUTURA CONVENCIONAL DE CONCRETO ARMADO EM UM EDIFÍCIO DE MÚLTIPLOS PAVIMENTOS UTILIZANDO AÇO CA-60 DE 5,0 MM - MONTAGEM. AF_12/2015","KG",120,9.77,12.3,1476,30,{"$nulls":11},1476]
[null,"2.4.6","INSUMO","SINAPI",13115,"CALHA/CANALETA DE CONCRETO SIMPLES, TIPO MEIA CANA, D = 20 CM, PARA AGUA PLUVIAL","M     ",61.2,"15,76",18.329999999999998,1121.8,15.3,{"$nulls":11},1121.8]
[null,"2.4.7","SERVIÇO","SINAPI",92543,"TRAMA DE MADEIRA COMPOSTA POR TERÇAS PARA TELHADOS DE ATÉ 2 ÁGUAS PARA TELHA ONDULADA DE FIBROCIMENTO, METÁLICA, PLÁSTICA OU TERMOACÚSTICA, INCLUSO TRANSPORTE VERTICAL. AF_07/2019","M2",459,9.52,11.99,5503.41,114.75,{"$nulls":11},5503.41]
[null,"2.4.8","SERVIÇO","SINAPI",55960,"IMUNIZACAO DE MADEIRAMENTO PARA COBERTURA UTILIZANDO CUPINICIDA INCOLOR","M2",459,4.49,5.65,2593.35,114.75,{"$nulls":11},2593.35]
[null,"2.4.9","SERVIÇO","SINAPI",94207,"TELHAMENTO COM TELHA ONDULADA DE FIBROCIMENTO E = 6 MM, COM RECOBRIMENTO LATERAL DE 1/4 DE ONDA PARA TELHADO COM INCLINAÇÃO MAIOR QUE 10°, COM ATÉ 2 ÁGUAS, INCLUSO IÇAMENTO. AF_07/2019","M2",459,44.35,55.85,25635.15,114.75,{"$nulls":11},25635.15]
[null,"2.4.10","SERVIÇO","SINAPI",92541,"TRAMA DE MADEIRA COMPOSTA POR RIPAS, CAIBROS E TERÇAS PARA TELHADOS DE ATÉ 2 ÁGUAS PARA TELHA CERÂMICA CAPA-CANAL, INCLUSO TRANSPORTE VERTICAL. AF_07/2019","M2",226.44,38.020000000000003,47.87,10839.68,56.61,{"$nulls":11},10839.68]
[null,"2.4.11","SERVIÇO","SINAPI",55960,"IMUNIZACAO DE MADEIRAMENTO PARA COBERTURA UTILIZANDO CUPINICIDA INCOLOR","M2",226.44,4.49,5.65,1279.3900000000001,56.61,{"$nulls":11},1279.3900000000001]
[null,"2.4.12","SERVIÇO","SINAPI",94448,"TELHAMENTO COM TELHA CERÂMICA CAPA-CANAL, TIPO PAULISTA, COM MAIS DE 2 ÁGUAS, INCLUSO TRANSPORTE VERTICAL. AF_07/2019","M2",226.44,44.78,56.39,12768.95,56.61,{"$nulls":11},12768.95]
[null,"2.4.13","SERVIÇO","SINAPI",100325,"CUMEEIRA SHED PARA TELHA ONDULADA DE FIBROCIMENTO, E = 6 MM, INCLUSO ACESSÓRIOS DE FIXAÇÃO E IÇAMENTO. AF_07/2019","M",30.6,53.66,67.569999999999993,2067.64,7.65,{"$nulls":11},2067.64]
[null,"2.4.14","SERVIÇO","SINAPI",100327,"RUFO EXTERNO/INTERNO EM CHAPA DE AÇO GALVANIZADO NÚMERO 26, CORTE DE 33 CM, INCLUSO IÇAMENTO. AF_07/2019","M",242.4,37.33,47.01,11395.22,60.6,{"$nulls":11},11395.22]
[null,"2.5","REVESTIMENTO",{"$nulls":7},174547.7,0,{"$nulls":11},0]
[null,"2.5.1","SERVIÇO","SINAPI",87879,"CHAPISCO APLICADO EM ALVENARIAS E ESTRUTURAS DE CONCRETO INTERNAS, COM COLHER DE PEDREIRO.  ARGAMASSA TRAÇO 1:3 COM PREPARO EM BETONEIRA 400L. AF_06/2014","M2",372,2.87,3.61,1342.92,93,{"$nulls":11},1342.92]
[null,"2.5.2","SERVIÇO","SINAPI",87879,"CHAPISCO APLICADO EM ALVENARIAS E ESTRUTURAS DE CONCRETO INTERNAS, COM COLHER DE PEDREIRO.  ARGAMASSA TRAÇO 1:3 COM PREPARO EM BETONEIRA 400L. AF_06/2014","M2",2235.6799999999998,2.87,3.61,8070.8,558.91999999999996,2421.6799999999998,{"$nulls":10},8070.8]
[null,"2.5.3","SERVIÇO","SINAPI",87529,"MASSA ÚNICA, PARA RECEBIMENTO DE PINTURA, EM ARGAMASSA TRAÇO 1:2:8, PREPARO MECÂNICO COM BETONEIRA 400L, APLICADA MANUALMENTE EM FACES INTERNAS DE PAREDES, ESPESSURA DE 20MM, COM EXECUÇÃO DE TALISCAS. AF_06/2014","M2",678.4,25.76,32.44,22007.3,169.6,409.04500000000002,{"$nulls":10},22007.3]
[null,"2.5.4","SERVIÇO","SINAPI",87529,"MASSA ÚNICA, PARA RECEBIMENTO DE PINTURA, EM ARGAMASSA TRAÇO 1:2:8, PREPARO MECÂNICO COM BETONEIRA 400L, APLICADA MANUALMENTE EM FACES INTERNAS DE PAREDES, ESPESSURA DE 20MM, COM EXECUÇÃO DE TALISCAS. AF_06/2014","M2",186,25.76,32.44,6033.84,46.5,{"$nulls":11},6033.84]
[null,"2.5.5","SERVIÇO","SINAPI",89173,"(COMPOSIÇÃO REPRESENTATIVA) DO SERVIÇO DE EMBOÇO/MASSA ÚNICA, APLICADO MANUALMENTE, TRAÇO 1:2:8, EM BETONEIRA DE 400L, PAREDES INTERNAS, COM EXECUÇÃO DE TALISCAS, EDIFICAÇÃO HABITACIONAL UNIFAMILIAR (CASAS) E EDIFICAÇÃO PÚBLICA PADRÃO. AF_12/2014","M2",1557.28,25.9,32.61,50782.9,389.32,1557.28,{"$nulls":10},50782.9]
[null,"2.5.6","SERVIÇO","SINAPI",93393,"REVESTIMENTO CERÂMICO PARA PAREDES INTERNAS COM PLACAS TIPO ESMALTADA PADRÃO POPULAR DE DIMENSÕES 20X20 CM, ARGAMASSA TIPO AC I, APLICADAS EM AMBIENTES DE ÁREA MAIOR QUE 5 M2 NA ALTURA INTEIRA DAS PAREDES. AF_06/2014","M2",1557.28,33.96,42.76,66589.289999999994,389.32,{"$nulls":11},66589.289999999994]
[null,"2.5.7","SERVIÇO","SINAPI",87881,"CHAPISCO APLICADO NO TETO, COM ROLO PARA TEXTURA ACRÍLICA. ARGAMASSA TRAÇO 1:4 E EMULSÃO POLIMÉRICA (ADESIVO) COM PREPARO MANUAL. AF_06/2014","M2",406.36,3.7,4.66,1893.64,101.59,{"$nulls":11},1893.64]
[null,"2.5.8","SERVIÇO","SINAPI",90407,"MASSA ÚNICA, PARA RECEBIMENTO DE PINTURA, EM ARGAMASSA TRAÇO 1:2:8, PREPARO MANUAL, APLICADA MANUALMENTE EM TETO, ESPESSURA DE 20MM, COM EXECUÇÃO DE TALISCAS. AF_03/2015","M2",406.36,34.840000000000003,43.87,17827.009999999998,101.59,{"$nulls":11},17827.009999999998]
[null,"2.6","PORTAS E JANELAS",{"$nulls":7},82981.350000000006,0,{"$nulls":11},0]
[null,"2.6.1","SERVIÇO","SINAPI",91341,"PORTA EM ALUMÍNIO DE ABRIR TIPO VENEZIANA COM GUARNIÇÃO, FIXAÇÃO COM PARAFUSOS - FORNECIMENTO E INSTALAÇÃO. AF_12/2019","M2",114.8,401.08,505.04,57978.59,28.7,{"$nulls":11},57978.59]
[null,"2.6.2","SERVIÇO","SINAPI",94570,"JANELA DE ALUMÍNIO DE CORRER COM 2 FOLHAS PARA VIDROS, COM VIDROS, BATENTE, ACABAMENTO COM ACETATO OU BRILHANTE E FERRAGENS. EXCLUSIVE ALIZAR E CONTRAMARCO. FORNECIMENTO E INSTALAÇÃO. AF_12/2019","M2",58,202.26,254.69,14772.02,14.5,36.799999999999997,{"$nulls":10},14772.02]
[null,"2.6.3","SERVIÇO","CODEVASF","COMPOSIÇÃO","TELA GALVANIZADA MOSQUITEIRO EM QUADRO DIM. 1,0X1,0M, FORMADO POR CANTONEIRA ALUMINIO1\"X1/8\"+ BARRA CHATA ALUMINIO 7/8\"X1/8\" (ORSE)","M2",28.8,209.39,263.66000000000003,7593.41,7.2,{"$nulls":11},7593.41]
[null,"2.6.4","SERVIÇO","SINAPI",100701,"PORTA DE FERRO, DE ABRIR, TIPO GRADE COM CHAPA, COM GUARNIÇÕES. AF_12/2019","M2",7.28,253.08,318.68,2319.9899999999998,1.82,{"$nulls":11},2319.9899999999998]
[null,"2.6.5","SERVIÇO","SINAPI","74111/1","SOLEIRA / TABEIRA EM MARMORE BRANCO COMUM, POLIDO, LARGURA 5 CM, ESPESSURA 2 CM, ASSENTADA COM ARGAMASSA COLANTE","M",9,28,35.26,317.33999999999997,2.25,{"$nulls":11},317.33999999999997]
[null,"2.7","PINTURA",{"$nulls":7},38119.56,{"$nulls":12},0]
[null,"2.7.1","INSUMO","SINAPI",7307,"FUNDO ANTICORROSIVO PARA METAIS FERROSOS (ZARCAO)","L     ",14.56,"24,78",28.82,419.62,3.64,{"$nulls":11},419.62]
[null,"2.7.2","SERVIÇO","SINAPI","73739/1","PINTURA ESMALTE ACETINADO EM MADEIRA, DUAS DEMAOS","M2",14.56,15.04,18.940000000000001,275.77,3.64,{"$nulls":11},275.77]
[null,"2.7.3","SERVIÇO","SINAPI",88423,"APLICAÇÃO MANUAL DE PINTURA COM TINTA TEXTURIZADA ACRÍLICA EM PAREDES EXTERNAS DE CASAS, UMA COR. AF_06/2014","M2",864.4,16.190000000000001,20.39,17625.12,216.1,{"$nulls":11},17625.12]
[null,"2.7.4","SERVIÇO","ORSE",2303,"EMASSAMENTO DE SUPERFÍCIE, COM APLICAÇÃO DE 01 DEMÃO DE MASSA A ÓLEO, LIXAMEN TO E RETOQUES","M2",200.88,13.83,17.41,3497.32,50.22,{"$nulls":11},3497.32]
[null,"2.7.5","SERVIÇO","SINAPI",88411,"APLICAÇÃO MANUAL DE FUNDO SELADOR ACRÍLICO EM PANOS COM PRESENÇA DE VÃOS DE EDIFÍCIOS DE MÚLTIPLOS PAVIMENTOS. AF_06/2014","M2",200.88,2.08,2.62,526.30999999999995,50.22,{"$nulls":11},526.30999999999995]
[null,"2.7.6","SERVIÇO","SINAPI",95624,"APLICAÇÃO MANUAL DE TINTA LÁTEX ACRÍLICA EM SUPERFÍCIES EXTERNAS DE SACADA DE EDIFÍCIOS DE MÚLTIPLOS PAVIMENTOS, DUAS DEMÃOS. AF_11/2016","M2",200.88,15.93,20.059999999999999,4029.65,50.22,{"$nulls":11},4029.65]
[null,"2.7.7","SERVIÇO","SINAPI",88412,"APLICAÇÃO MANUAL DE FUNDO SELADOR ACRÍLICO EM PANOS CEGOS DE FACHADA (SEM PRESENÇA DE VÃOS) DE EDIFÍCIOS DE MÚLTIPLOS PAVIMENTOS. AF_06/2014","M2",406.36,1.57,1.98,804.59,101.59,{"$nulls":11},804.59]
[null,"2.7.8","SERVIÇO","SINAPI",88495,"APLICAÇÃO E LIXAMENTO DE MASSA LÁTEX EM PAREDES, UMA DEMÃO. AF_06/2014","M2",109.64,7.34,9.24,1013.07,27.41,{"$nulls":11},1013.07]
[null,"2.7.9","SERVIÇO","SINAPI",88489,"APLICAÇÃO MANUAL DE PINTURA COM TINTA LÁTEX ACRÍLICA EM PAREDES, DUAS DEMÃOS. AF_06/2014","M2",24.8,11.27,14.19,351.91,6.2,{"$nulls":11},351.91]
[null,"2.7.10","SERVIÇO","SINAPI",94993,"EXECUÇÃO DE PASSEIO (CALÇADA) OU PISO DE CONCRETO COM CONCRETO MOLDADO IN LOCO, USINADO, ACABAMENTO CONVENCIONAL, ESPESSURA 6 CM, ARMADO. AF_07/2016","M2",109.64,50.12,63.11,6919.38,27.41,{"$nulls":11},6919.38]
[null,"2.7.11","SERVIÇO","SINAPI","73807/1","CORRIMAO EM MARMORITE, LARGURA 15CM","M",24.8,85.08,107.13,2656.82,6.2,{"$nulls":11},2656.82]
[null,"2.8","INSTALAÇÕES HIDROSANITARIAS",{"$nulls":7},144596.07,{"$nulls":12},0]
[null,"2.8.1","INSUMO","ORSE",10504,"CHUVEIRO E LAVA-OLHOS DE EMERGÊNCIA E BACIA EM AÇO INOX, DA MARCA ADAMO, REF. 01486 OU SIMILAR","un",4,1498.03,1742.51,6970.04,1,{"$nulls":11},6970.04]
[null,"2.8.2","SERVIÇO","SINAPI",90694,"TUBO DE PVC PARA REDE COLETORA DE ESGOTO DE PAREDE MACIÇA, DN 100 MM, JUNTA ELÁSTICA, INSTALADO EM LOCAL COM NÍVEL BAIXO DE INTERFERÊNCIAS - FORNECIMENTO E ASSENTAMENTO. AF_06/2015","M",45.6,21.17,26.66,1215.7,11.4,{"$nulls":11},1215.7]
[null,"2.8.3","SERVIÇO","SINAPI",90733,"ASSENTAMENTO DE TUBO DE PVC PARA REDE COLETORA DE ESGOTO DE PAREDE MACIÇA, DN 100 MM, JUNTA ELÁSTICA, INSTALADO EM LOCAL COM NÍVEL BAIXO DE INTERFERÊNCIAS (NÃO INCLUI FORNECIMENTO). AF_06/2015","M",79.599999999999994,2.33,2.93,233.23,19.899999999999999,{"$nulls":11},233.23]
[null,"2.8.4","SERVIÇO","SINAPI",89711,"TUBO PVC, SERIE NORMAL, ESGOTO PREDIAL, DN 40 MM, FORNECIDO E INSTALADO EM RAMAL DE DESCARGA OU RAMAL DE ESGOTO SANITÁRIO. AF_12/2014","M",14.4,12.75,16.05,231.12,3.6,{"$nulls":11},231.12]
[null,"2.8.5","INSUMO","SINAPI",9838,"TUBO PVC SERIE NORMAL, DN 50 MM, PARA ESGOTO PREDIAL (NBR 5688)","M     ",148.6,"5,47",6.36,945.1,37.15,6.0771699999999997,{"$nulls":10},945.1]
[null,"2.8.6","INSUMO","SINAPI",9837,"TUBO PVC SERIE NORMAL, DN 75 MM, PARA ESGOTO PREDIAL (NBR 5688)","M     ",24.8,"7,90",9.19,227.91,6.2,8.7768999999999995,{"$nulls":10},227.91]
[null,"2.8.7","INSUMO","SINAPI",9841,"TUBO PVC, SERIE R, DN 100 MM, PARA ESGOTO OU AGUAS PLUVIAIS PREDIAL (NBR 5688)","M     ",45.6,"22,01",25.6,1167.3599999999999,11.4,24.453109999999999,{"$nulls":10},1167.3599999999999]
[null,"2.8.8","INSUMO","SINAPI",9867,"TUBO PVC, SOLDAVEL, DN 20 MM, AGUA FRIA (NBR-5648)","M     ",25.6,"2,08",2.42,61.95,6.4,2.31088,{"$nulls":10},61.95]
[null,"2.8.9","INSUMO","SINAPI",9868,"TUBO PVC, SOLDAVEL, DN 25 MM, AGUA FRIA (NBR-5648)","M     ",163.04,"2,67",3.11,507.05,40.76,2.96637,{"$nulls":10},507.05]
[null,"2.8.10","INSUMO","SINAPI",9869,"TUBO PVC, SOLDAVEL, DN 32 MM, AGUA FRIA (NBR-5648)","M     ",108,"5,99",6.97,752.76,27,6.65489,{"$nulls":10},752.76]
[null,"2.8.11","SERVIÇO","SINAPI",91784,"(COMPOSIÇÃO REPRESENTATIVA) DO SERVIÇO DE INSTALAÇÃO DE TUBOS DE PVC, SOLDÁVEL, ÁGUA FRIA, DN 20 MM (INSTALADO EM RAMAL, SUB-RAMAL OU RAMAL DE DISTRIBUIÇÃO), INCLUSIVE CONEXÕES, CORTES E FIXAÇÕES, PARA PRÉDIOS. AF_10/2015","M",25.6,28.75,36.200000000000003,926.72,6.4,{"$nulls":11},926.72]
[null,"2.8.12","SERVIÇO","SINAPI",91785,"(COMPOSIÇÃO REPRESENTATIVA) DO SERVIÇO DE INSTALAÇÃO DE TUBOS DE PVC, SOLDÁVEL, ÁGUA FRIA, DN 25 MM (INSTALADO EM RAMAL, SUB-RAMAL, RAMAL DE DISTRIBUIÇÃO OU PRUMADA), INCLUSIVE CONEXÕES, CORTES E FIXAÇÕES, PARA PRÉDIOS. AF_10/2015","M",163.04,28.44,35.81,5838.46,40.76,{"$nulls":11},5838.46]
[null,"2.8.13","SERVIÇO","SINAPI",91786,"(COMPOSIÇÃO REPRESENTATIVA) DO SERVIÇO DE INSTALAÇÃO TUBOS DE PVC, SOLDÁVEL, ÁGUA FRIA, DN 32 MM (INSTALADO EM RAMAL, SUB-RAMAL, RAMAL DE DISTRIBUIÇÃO OU PRUMADA), INCLUSIVE CONEXÕES, CORTES E FIXAÇÕES, PARA PRÉDIOS. AF_10/2015","M",108,19.22,24.2,2613.6,27,{"$nulls":11},2613.6]
[null,"2.8.14","SERVIÇO","SINAPI",91792,"(COMPOSIÇÃO REPRESENTATIVA) DO SERVIÇO DE INSTALAÇÃO DE TUBO DE PVC, SÉRIE NORMAL, ESGOTO PREDIAL, DN 40 MM (INSTALADO EM RAMAL DE DESCARGA OU RAMAL DE ESGOTO SANITÁRIO), INCLUSIVE CONEXÕES, CORTES E FIXAÇÕES, PARA PRÉDIOS. AF_10/2015","M",14.4,37.58,47.32,681.41,3.6,{"$nulls":11},681.41]
[null,"2.8.15","SERVIÇO","SINAPI",91793,"(COMPOSIÇÃO REPRESENTATIVA) DO SERVIÇO DE INSTALAÇÃO DE TUBO DE PVC, SÉRIE NORMAL, ESGOTO PREDIAL, DN 50 MM (INSTALADO EM RAMAL DE DESCARGA OU RAMAL DE ESGOTO SANITÁRIO), INCLUSIVE CONEXÕES, CORTES E FIXAÇÕES PARA, PRÉDIOS. AF_10/2015","M",148.6,56.77,71.48,10621.93,37.15,{"$nulls":11},10621.93]
[null,"2.8.16","SERVIÇO","SINAPI",91794,"(COMPOSIÇÃO REPRESENTATIVA) DO SERVIÇO DE INST. TUBO PVC, SÉRIE N, ESGOTO PREDIAL, DN 75 MM, (INST. EM RAMAL DE DESCARGA, RAMAL DE ESG. SANITÁRIO, PRUMADA DE ESG. SANITÁRIO OU VENTILAÇÃO), INCL. CONEXÕES, CORTES E FIXAÇÕES, P/ PRÉDIOS. AF_10/2015","M",24.8,25.9,32.61,808.73,6.2,{"$nulls":11},808.73]
[null,"2.8.17","SERVIÇO","SINAPI",91795,"(COMPOSIÇÃO REPRESENTATIVA) DO SERVIÇO DE INST. TUBO PVC, SÉRIE N, ESGOTO PREDIAL, 100 MM (INST. RAMAL DESCARGA, RAMAL DE ESG. SANIT., PRUMADA ESG. SANIT., VENTILAÇÃO OU SUB-COLETOR AÉREO), INCL. CONEXÕES E CORTES, FIXAÇÕES, P/ PRÉDIOS. AF_10/2015","M",45.6,43.87,55.24,2518.94,11.4,{"$nulls":11},2518.94]
[null,"2.8.18","INSUMO","SINAPI",1370,"DUCHA HIGIENICA PLASTICA COM REGISTRO METALICO 1/2 \"","UN    ",8,"83,61",97.26,778.08,2,92.890709999999999,{"$nulls":10},778.08]
[null,"2.8.19","INSUMO","SINAPI",1368,"CHUVEIRO COMUM EM PLASTICO BRANCO, COM CANO, 3 TEMPERATURAS, 5500 W (110/220 V)","UN    ",8,"61,40",71.42,571.36,2,68.215400000000002,{"$nulls":10},571.36]
[null,"2.8.20","SERVIÇO","SINAPI",95546,"KIT DE ACESSORIOS PARA BANHEIRO EM METAL CROMADO, 5 PECAS, INCLUSO FIXAÇÃO. AF_01/2020","UN",8,161.24,203.03,1624.24,2,{"$nulls":11},1624.24]
[null,"2.8.21","SERVIÇO","SINAPI",86888,"VASO SANITÁRIO SIFONADO COM CAIXA ACOPLADA LOUÇA BRANCA - FORNECIMENTO E INSTALAÇÃO. AF_01/2020","UN",8,345.08,434.52,3476.16,2,{"$nulls":11},3476.16]
[null,"2.8.22","SERVIÇO","SINAPI",100858,"MICTÓRIO SIFONADO LOUÇA BRANCA \u0096 PADRÃO MÉDIO \u0096 FORNECIMENTO E INSTALAÇÃO. AF_01/2020","UN",4,480.55,605.11,2420.44,1,{"$nulls":11},2420.44]
[null,"2.8.23","SERVIÇO","SINAPI","74229/1","DIVISORIA EM MARMORE BRANCO POLIDO, ESPESSURA 3 CM, ASSENTADO COM ARGAMASSA TRACO 1:4 (CIMENTO E AREIA), ARREMATE COM CIMENTO BRANCO, EXCLUSIVE FERRAGENS","M2",4,501.42,631.39,2525.56,1,{"$nulls":11},2525.56]
[null,"2.8.24","SERVIÇO","SINAPI","74125/1","ESPELHO CRISTAL ESPESSURA 4MM, COM MOLDURA DE MADEIRA","M2",1.92,382.41,481.53,924.54,0.48,{"$nulls":11},924.54]
[null,"2.8.25","SERVIÇO","CODEVASF","COMPOSIÇÃO","PONTO DE ESGOTO COM TUBO DE PVC RÍGIDO SOLDÁVEL DE Ø 100 MM (VASO SANITÁRIO)(ORSE)","PT",8,70.5,88.77,710.16,2,{"$nulls":11},710.16]
[null,"2.8.26","SERVIÇO","SINAPI",89707,"CAIXA SIFONADA, PVC, DN 100 X 100 X 50 MM, JUNTA ELÁSTICA, FORNECIDA E INSTALADA EM RAMAL DE DESCARGA OU EM RAMAL DE ESGOTO SANITÁRIO. AF_12/2014","UN",80,27.44,34.549999999999997,2764,20,{"$nulls":11},2764]
[null,"2.8.27","INSUMO","SINAPI",1749,"BANCADA/BANCA/PIA DE ACO INOXIDAVEL (AISI 430) COM 1 CUBA CENTRAL, COM VALVULA, ESCORREDOR DUPLO, DE *0,55 X 1,80* M","UN    ",4,"306,32",356.31,1425.24,1,340.32152000000002,{"$nulls":10},1425.24]
[null,"2.8.28","SERVIÇO","SINAPI",86893,"BANCADA DE MÁRMORE BRANCO POLIDO, DE 1,50 X 0,60 M, PARA PIA DE COZINHA - FORNECIMENTO E INSTALAÇÃO. AF_01/2020","UN",4,388.22,488.85,1955.4,1,{"$nulls":11},1955.4]
[null,"2.8.29","INSUMO","SINAPI",13415,"TORNEIRA CROMADA DE MESA PARA LAVATORIO, PADRAO POPULAR, 1/2 \" OU 3/4 \" (REF 1193)","UN    ",8,"45,40",52.81,422.48,2,{"$nulls":11},422.48]
[null,"2.8.30","SERVIÇO","SINAPI",86889,"BANCADA DE GRANITO CINZA POLIDO, DE 1,50 X 0,60 M, PARA PIA DE COZINHA - FORNECIMENTO E INSTALAÇÃO. AF_01/2020","UN",8,623,784.48,6275.84,2,{"$nulls":11},6275.84]
[null,"2.8.31","SERVIÇO","SINAPI",89957,"PONTO DE CONSUMO TERMINAL DE ÁGUA FRIA (SUBRAMAL) COM TUBULAÇÃO DE PVC, DN 25 MM, INSTALADO EM RAMAL DE ÁGUA, INCLUSOS RASGO E CHUMBAMENTO EM ALVENARIA. AF_12/2014","UN",44,92.63,116.64,5132.16,11,{"$nulls":11},5132.16]
[null,"2.8.32","INSUMO","SINAPI",6006,"REGISTRO GAVETA COM ACABAMENTO E CANOPLA CROMADOS, SIMPLES, BITOLA 1/2 \" (REF 1509)","UN    ",16,"52,21",60.73,971.68,4,58.005310000000001,{"$nulls":10},971.68]
[null,"2.8.33","SERVIÇO","SINAPI",89985,"REGISTRO DE PRESSÃO BRUTO, LATÃO, ROSCÁVEL, 3/4\", COM ACABAMENTO E CANOPLA CROMADOS. FORNECIDO E INSTALADO EM RAMAL DE ÁGUA. AF_12/2014","UN",8,63.96,80.540000000000006,644.32000000000005,2,{"$nulls":11},644.32000000000005]
[null,"2.8.34","SERVIÇO","SINAPI",94495,"REGISTRO DE GAVETA BRUTO, LATÃO, ROSCÁVEL, 1\u0094, INSTALADO EM RESERVAÇÃO DE ÁGUA DE EDIFICAÇÃO QUE POSSUA RESERVATÓRIO DE FIBRA/FIBROCIMENTO \u0096 FORNECIMENTO E INSTALAÇÃO. AF_06/2016","UN",4,61.96,78.02,312.08,1,{"$nulls":11},312.08]
[null,"2.8.35","SERVIÇO","SINAPI",86920,"TANQUE DE LOUÇA BRANCA COM COLUNA, 30L OU EQUIVALENTE, INCLUSO SIFÃO FLEXÍVEL EM PVC, VÁLVULA PLÁSTICA E TORNEIRA DE METAL CROMADO PADRÃO POPULAR - FORNECIMENTO E INSTALAÇÃO. AF_01/2020","UN",4,616.49,776.28,3105.12,1,{"$nulls":11},3105.12]
[null,"2.8.36","SERVIÇO","SINAPI","74166/2","CAIXA DE INSPECAO EM ANEL DE CONCRETO PRE MOLDADO, COM 950MM DE ALTURA TOTAL. ANEIS COM ESP=50MM, DIAM.=600MM. EXCLUSIVE TAMPAO E ESCAVACAO - FORNECIMENTO E INSTALACAO","UN",16,232.23,292.42,4678.72,4,{"$nulls":11},4678.72]
[null,"2.8.37","SERVIÇO","SINAPI",97902,"CAIXA ENTERRADA HIDRÁULICA RETANGULAR EM ALVENARIA COM TIJOLOS CERÂMICOS MACIÇOS, DIMENSÕES INTERNAS: 0,6X0,6X0,6 M PARA REDE DE ESGOTO. AF_05/2018","UN",4,403.46,508.04,2032.16,1,{"$nulls":11},2032.16]
[null,"2.8.38","SERVIÇO","SINAPI",98053,"TANQUE SÉPTICO CIRCULAR, EM CONCRETO PRÉ-MOLDADO, DIÂMETRO INTERNO = 1,40 M, ALTURA INTERNA = 2,50 M, VOLUME ÚTIL: 3463,6 L (PARA 13 CONTRIBUINTES). AF_05/2018","UN",8,1555.56,1958.76,15670.08,2,{"$nulls":11},15670.08]
[null,"2.8.39","SERVIÇO","SINAPI",98079,"SUMIDOURO RETANGULAR, EM ALVENARIA COM TIJOLOS CERÂMICOS MACIÇOS, DIMENSÕES INTERNAS: 1,0 X 3,0 X 3,0 M, ÁREA DE INFILTRAÇÃO: 25 M² (PARA 10 CONTRIBUINTES). AF_05/2018","UN",8,4949,6231.78,49854.239999999998,2,{"$nulls":11},49854.239999999998]
[null,"2.9","INSTALAÇÕES ELETRICAS",{"$nulls":7},142435.34,0,{"$nulls":11},0]
[null,"2.9.1","SERVIÇO","SINAPI",93128,"PONTO DE ILUMINAÇÃO RESIDENCIAL INCLUINDO INTERRUPTOR SIMPLES, CAIXA ELÉTRICA, ELETRODUTO, CABO, RASGO, QUEBRA E CHUMBAMENTO (EXCLUINDO LUMINÁRIA E LÂMPADA). AF_01/2016","UN",92,101.96,128.38999999999999,11811.88,23,{"$nulls":11},11811.88]
[null,"2.9.2","SERVIÇO","SINAPI",97586,"LUMINÁRIA TIPO CALHA, DE SOBREPOR, COM 2 LÂMPADAS TUBULARES FLUORESCENTES DE 36 W, COM REATOR DE PARTIDA RÁPIDA - FORNECIMENTO E INSTALAÇÃO. AF_02/2020","UN",92,75.97,95.66,8800.7199999999993,23,{"$nulls":11},8800.7199999999993]
[null,"2.9.3","SERVIÇO","SINAPI",97591,"LUMINÁRIA TIPO PLAFON REDONDO COM VIDRO FOSCO, DE SOBREPOR, COM 2 LÂMPADAS FLUORESCENTES DE 15 W, SEM REATOR - FORNECIMENTO E INSTALAÇÃO. AF_02/2020","UN",16,72.430000000000007,91.2,1459.2,4,{"$nulls":11},1459.2]
[null,"2.9.4","SERVIÇO","SINAPI",93141,"PONTO DE TOMADA RESIDENCIAL INCLUINDO TOMADA 10A/250V, CAIXA ELÉTRICA, ELETRODUTO, CABO, RASGO, QUEBRA E CHUMBAMENTO. AF_01/2016","UN",116,125.17,157.61000000000001,18282.759999999998,29,{"$nulls":11},18282.759999999998]
[null,"2.9.5","SERVIÇO","SINAPI",93143,"PONTO DE TOMADA RESIDENCIAL INCLUINDO TOMADA 20A/250V, CAIXA ELÉTRICA, ELETRODUTO, CABO, RASGO, QUEBRA E CHUMBAMENTO. AF_01/2016","UN",20,127.32,160.32,3206.4,5,{"$nulls":11},3206.4]
[null,"2.9.6","SERVIÇO","SINAPI",91987,"CAMPAINHA CIGARRA (1 MÓDULO), 10A/250V, INCLUINDO SUPORTE E PLACA - FORNECIMENTO E INSTALAÇÃO. AF_09/2017","UN",4,35.82,45.1,180.4,1,{"$nulls":11},180.4]
[null,"2.9.7","SERVIÇO","SINAPI",91985,"INTERRUPTOR PULSADOR CAMPAINHA (1 MÓDULO), 10A/250V, INCLUINDO SUPORTE E PLACA - FORNECIMENTO E INSTALAÇÃO. AF_09/2017","UN",4,19.36,24.38,97.52,1,{"$nulls":11},97.52]
[null,"2.9.8","SERVIÇO","CODEVASF","COMPOSIÇÃO","ENTRADA DE ENERGIA ELÉTRICA MONOFÁSICA COM PONTALETE DE AÇO GALVANIZADO D=1 1/2\", FIXADO NO TELHADO (ORSE).","UND",4,130.5,164.33,657.32,1,{"$nulls":11},657.32]
[null,"2.9.9","SERVIÇO","SINAPI",96985,"HASTE DE ATERRAMENTO 5/8  PARA SPDA - FORNECIMENTO E INSTALAÇÃO. AF_12/2017","UN",12,55.97,70.48,845.76,3,{"$nulls":11},845.76]
[null,"2.9.10","SERVIÇO","SINAPI",98111,"CAIXA DE INSPEÇÃO PARA ATERRAMENTO, CIRCULAR, EM POLIETILENO, DIÂMETRO INTERNO = 0,3 M. AF_05/2018","UN",36,25.31,31.87,1147.32,9,{"$nulls":11},1147.32]
[null,"2.9.11","SERVIÇO","SINAPI","74131/5","QUADRO DE DISTRIBUICAO DE ENERGIA DE EMBUTIR, EM CHAPA METALICA, PARA 24 DISJUNTORES TERMOMAGNETICOS MONOPOLARES, COM BARRAMENTO TRIFASICO E NEUTRO, FORNECIMENTO E INSTALACAO","UN",8,400.99,504.93,4039.44,2,{"$nulls":11},4039.44]
[null,"2.9.12","SERVIÇO","SINAPI",93653,"DISJUNTOR MONOPOLAR TIPO DIN, CORRENTE NOMINAL DE 10A - FORNECIMENTO E INSTALAÇÃO. AF_04/2016","UN",116,10.01,12.6,1461.6,29,{"$nulls":11},1461.6]
[null,"2.9.13","SERVIÇO","SINAPI",93654,"DISJUNTOR MONOPOLAR TIPO DIN, CORRENTE NOMINAL DE 16A - FORNECIMENTO E INSTALAÇÃO. AF_04/2016","UN",60,10.42,13.12,787.2,15,{"$nulls":11},787.2]
[null,"2.9.14","SERVIÇO","SINAPI",93655,"DISJUNTOR MONOPOLAR TIPO DIN, CORRENTE NOMINAL DE 20A - FORNECIMENTO E INSTALAÇÃO. AF_04/2016","UN",20,11.21,14.12,282.39999999999998,5,{"$nulls":11},282.39999999999998]
[null,"2.9.15","SERVIÇO","ORSE",7309,"POSTE DE CONCRETO DUPLO T (DT)  9/600 - FORNECIMENTO E ASSENTAMENTO","UN",28,994.38,1252.1199999999999,35059.360000000001,7,{"$nulls":11},35059.360000000001]
[null,"2.9.16","SERVIÇO","SINAPI","74231/1","LUMINARIA ABERTA PARA ILUMINACAO PUBLICA, PARA LAMPADA A VAPOR DE MERCURIO ATE 400W E MISTA ATE 500W, COM BRACO EM TUBO DE ACO GALV D=50MM PROJ HOR=2.500MM E PROJ VERT= 2.200MM, FORNECIMENTO E INSTALACAO","UN",16,123.67,155.72999999999999,2491.6799999999998,4,{"$nulls":11},2491.6799999999998]
[null,"2.9.17","SERVIÇO","SINAPI","73831/8","LAMPADA DE VAPOR DE SODIO DE 250WX220V - FORNECIMENTO E INSTALACAO","UN",16,46.7,58.8,940.8,4,{"$nulls":11},940.8]
[null,"2.9.18","SERVIÇO","SINAPI",72281,"REATOR PARA LAMPADA VAPOR DE MERCURIO USO EXTERNO 220V/400W","UN",16,99.99,125.91,2014.56,4,{"$nulls":11},2014.56]
[null,"2.9.19","SERVIÇO","SINAPI",83399,"RELE FOTOELETRICO P/ COMANDO DE ILUMINACAO EXTERNA 220V/1000W - FORNECIMENTO E INSTALACAO","UN",16,28.42,35.79,572.64,4,{"$nulls":11},572.64]
[null,"2.9.20","INSUMO","SINAPI",39258,"CABO MULTIPOLAR DE COBRE, FLEXIVEL, CLASSE 4 OU 5, ISOLACAO EM HEPR, COBERTURA EM PVC-ST2, ANTICHAMA BWF-B, 0,6/1 KV, 3 CONDUTORES DE 2,5 MM2","M     ",1120,"6,57",7.64,8556.7999999999993,280,7.2992699999999999,{"$nulls":10},8556.7999999999993]
[null,"2.9.21","SERVIÇO","CODEVASF","COMPOSIÇÃO","REDE DE DISTRIBUIÇÃO SECUNDÁRIA, PARA CABO DE COBRE NÚ 16 MM², TENSÃO DE 380 V, COM ESTRUTURA DE ALINHAMENTO EM POSTE DE CONCRETO ARMADO DUPLO T 150/9 (CONDUTOR INCLUSO E TRANSFORMADOR NÃO INCLUSOS) (SEINFRA- C4277)","KM",1.28,24655.77,31046.55,39739.58,0.32,{"$nulls":11},39739.58]
[null,"2.10","URBANIZAÇÃO",{"$nulls":7},63415.73,0,{"$nulls":11},0]
[null,"2.10.1","SERVIÇO","SINAPI",98525,"LIMPEZA MECANIZADA DE CAMADA VEGETAL, VEGETAÇÃO E PEQUENAS ÁRVORES (DIÂMETRO DE TRONCO MENOR QUE 0,20 M), COM TRATOR DE ESTEIRAS.AF_05/2018","M2",3723.8,0.26,0.33,1228.8499999999999,930.95,{"$nulls":11},1228.8499999999999]
[null,"2.10.2","SERVIÇO","SINAPI",101190,"CERCA COM MOURÕES DE CONCRETO, RETO, H=3,00 M, ESPAÇAMENTO DE 2,5 M, CRAVADOS 0,5 M, COM 4 FIOS DE ARAME DE AÇO OVALADO 15X17 - FORNECIMENTO E INSTALAÇÃO. AF_05/2020","M",488,39.19,49.35,24082.799999999999,122,{"$nulls":11},24082.799999999999]
[null,"2.10.3","SERVIÇO","CODEVASF","COMPOSIÇÃO","MURO EM ALVENARIA BLOCO CERÂMICO, E=0,09M, C/ALV DE PEDRA (35X60CM), PILARES (9X20CM) A CADA 3,0M, CINTAS INFERIOR E SUPERIOR (9X15CM) EM CONCRETO ARMADO FCK=15,0 MPA, C/CHAPISCO, REBOCO E PINTURA SOBRE ALVENARIA, C/CINTAS E PILARES APARENTES (ORSE).","M²",104,175.61,221.13,22997.52,26,{"$nulls":11},22997.52]
[null,"2.10.4","SERVIÇO","SINAPI",68054,"PORTAO DE FERRO EM CHAPA GALVANIZADA PLANA 14 GSG","M2",32,226.31,284.97000000000003,9119.0400000000009,8,{"$nulls":11},9119.0400000000009]
[null,"2.10.5","SERVIÇO","SINAPI",85188,"PORTAO EM TUBO DE ACO GALVANIZADO DIN 2440/NBR 5580, PAINEL ÚNICO, DIMENSOES 1,0X1,6M, INCLUSIVE CADEADO","UM",8,594.38,748.44,5987.52,2,{"$nulls":11},5987.52]
[null,"2.11","ESTAÇÃO DE TRATAMENTO DE ÁGUA - ETA",{"$nulls":7},132162.04999999999,0,{"$nulls":11},0]
[null,"2.11.1","SERVIÇO","SINAPI",101232,"ESCAVAÇÃO VERTICAL A CÉU ABERTO, EM OBRAS DE INFRAESTRUTURA, INCLUINDO CARGA, DESCARGA E TRANSPORTE, EM SOLO DE 1ª CATEGORIA COM ESCAVADEIRA HIDRÁULICA (CAÇAMBA: 1,2 M³ / 155 HP), FROTA DE 3 CAMINHÕES BASCULANTES DE 14 M³, DMT ATÉ 1 KM E VELOCIDADE MÉDIA14KM/H. AF_05/2020","M3",97.2,5.44,6.85,665.82,24.3,6.23,{"$nulls":10},665.82]
[null,"2.11.2","SERVIÇO","SINAPI",95241,"LASTRO DE CONCRETO MAGRO, APLICADO EM PISOS OU RADIERS, ESPESSURA DE 5 CM. AF_07/2016","M2",73.959999999999994,20.85,26.25,1941.45,18.489999999999998,{"$nulls":11},1941.45]
[null,"2.11.3","SERVIÇO","SINAPI",94971,"CONCRETO FCK = 25MPA, TRAÇO 1:2,3:2,7 (CIMENTO/ AREIA MÉDIA/ BRITA 1)  - PREPARO MECÂNICO COM BETONEIRA 600 L. AF_07/2016","M3",15.04,319.85000000000002,402.76,6057.51,3.76,66.465000000000003,{"$nulls":10},6057.51]
[null,"2.11.4","SERVIÇO","SINAPI",92874,"LANÇAMENTO COM USO DE BOMBA, ADENSAMENTO E ACABAMENTO DE CONCRETO EM ESTRUTURAS. AF_12/2015","M3",15.04,24.18,30.45,457.97,3.76,{"$nulls":11},457.97]
[null,"2.11.5","SERVIÇO","SINAPI",97086,"FABRICAÇÃO, MONTAGEM E DESMONTAGEM DE FORMA PARA RADIER, EM MADEIRA SERRADA, 4 UTILIZAÇÕES. AF_09/2017","M2",54.16,73.36,92.37,5002.76,13.54,{"$nulls":11},5002.76]
[null,"2.11.6","SERVIÇO","SINAPI",92759,"ARMAÇÃO DE PILAR OU VIGA DE UMA ESTRUTURA CONVENCIONAL DE CONCRETO ARMADO EM UM EDIFÍCIO DE MÚLTIPLOS PAVIMENTOS UTILIZANDO AÇO CA-60 DE 5,0 MM - MONTAGEM. AF_12/2015","KG",451.2,9.77,12.3,5549.76,112.8,{"$nulls":11},5549.76]
[null,"2.11.7","SERVIÇO","SINAPI",96546,"ARMAÇÃO DE BLOCO, VIGA BALDRAME OU SAPATA UTILIZANDO AÇO CA-50 DE 10 MM - MONTAGEM. AF_06/2017","KG",752,8.44,10.63,7993.76,188,{"$nulls":11},7993.76]
[null,"2.11.8","SERVIÇO","SINAPI",89300,"ALVENARIA ESTRUTURAL DE BLOCOS CERÂMICOS 14X19X39, (ESPESSURA DE 14 CM), PARA PAREDES COM ÁREA LÍQUIDA MAIOR OU IGUAL A 6M², SEM VÃOS, UTILIZANDO COLHER DE PEDREIRO E ARGAMASSA DE ASSENTAMENTO COM PREPARO EM BETONEIRA. AF_12/2014","M2",66,50.75,63.9,4217.3999999999996,16.5,{"$nulls":11},4217.3999999999996]
[null,"2.11.9","SERVIÇO","SINAPI","74202/1","LAJE PRE-MOLDADA P/FORRO, SOBRECARGA 100KG/M2, VAOS ATE 3,50M/E=8CM, C/LAJOTAS E CAP.C/CONC FCK=20MPA, 3CM, INTER-EIXO 38CM, C/ESCORAMENTO (REAPR.3X) E FERRAGEM NEGATIVA","M2",73.959999999999994,63.61,80.099999999999994,5924.2,18.489999999999998,66.465000000000003,{"$nulls":10},5924.2]
[null,"2.11.10","SERVIÇO","SINAPI",94971,"CONCRETO FCK = 25MPA, TRAÇO 1:2,3:2,7 (CIMENTO/ AREIA MÉDIA/ BRITA 1)  - PREPARO MECÂNICO COM BETONEIRA 600 L. AF_07/2016","M3",2.2400000000000002,319.85000000000002,402.76,902.18,0.56000000000000005,{"$nulls":11},902.18]
[null,"2.11.11","SERVIÇO","SINAPI",92874,"LANÇAMENTO COM USO DE BOMBA, ADENSAMENTO E ACABAMENTO DE CONCRETO EM ESTRUTURAS. AF_12/2015","M3",2.2400000000000002,24.18,30.45,68.209999999999994,0.56000000000000005,{"$nulls":11},68.209999999999994]
[null,"2.11.12","SERVIÇO","SINAPI",97086,"FABRICAÇÃO, MONTAGEM E DESMONTAGEM DE FORMA PARA RADIER, EM MADEIRA SERRADA, 4 UTILIZAÇÕES. AF_09/2017","M2",28.16,73.36,92.37,2601.14,7.04,{"$nulls":11},2601.14]
[null,"2.11.13","SERVIÇO","SINAPI",92759,"ARMAÇÃO DE PILAR OU VIGA DE UMA ESTRUTURA CONVENCIONAL DE CONCRETO ARMADO EM UM EDIFÍCIO DE MÚLTIPLOS PAVIMENTOS UTILIZANDO AÇO CA-60 DE 5,0 MM - MONTAGEM. AF_12/2015","KG",67.2,9.77,12.3,826.56,16.8,{"$nulls":11},826.56]
[null,"2.11.14","SERVIÇO","SINAPI",87879,"CHAPISCO APLICADO EM ALVENARIAS E ESTRUTURAS DE CONCRETO INTERNAS, COM COLHER DE PEDREIRO.  ARGAMASSA TRAÇO 1:3 COM PREPARO EM BETONEIRA 400L. AF_06/2014","M2",73.040000000000006,2.87,3.61,263.67,18.260000000000002,{"$nulls":11},263.67]
[null,"2.11.15","SERVIÇO","SINAPI",96995,"REATERRO MANUAL APILOADO COM SOQUETE. AF_10/2017","M3",12.52,34.340000000000003,43.24,541.36,3.13,{"$nulls":11},541.36]
[null,"2.11.16","SERVIÇO","SINAPI",98561,"IMPERMEABILIZAÇÃO DE PAREDES COM ARGAMASSA DE CIMENTO E AREIA, COM ADITIVO IMPERMEABILIZANTE, E = 2CM. AF_06/2018","M2",154.44,30.59,38.520000000000003,5949.03,38.61,{"$nulls":11},5949.03]
[null,"2.11.17","SERVIÇO","SINAPI",98555,"IMPERMEABILIZAÇÃO DE SUPERFÍCIE COM ARGAMASSA POLIMÉRICA / MEMBRANA ACRÍLICA, 3 DEMÃOS. AF_06/2018","M2",32,20.59,25.93,829.76,8,66.465000000000003,{"$nulls":10},829.76]
[null,"2.11.18","SERVIÇO","SINAPI",98561,"IMPERMEABILIZAÇÃO DE PAREDES COM ARGAMASSA DE CIMENTO E AREIA, COM ADITIVO IMPERMEABILIZANTE, E = 2CM. AF_06/2018","M2",73.040000000000006,30.59,38.520000000000003,2813.5,18.260000000000002,{"$nulls":11},2813.5]
[null,"2.11.19","SERVIÇO","CODEVASF","COMPOSIÇÃO","RESERVATORIO ELEVADO C/ CAIXA D'AGUA EM FIBRA DE VIDRO DE 5.000 LITROS APOIADO EM ESTRUTURA PRE-MOLDADA CONCRETO, COMPOSTA DE CAPITEL P/APOIO DA CAIXA E PILAR CILINDRICO C/ALTURA UTIL = 6,00M, INCLUSO FRETE E MONTAGEM NO LOCAL, EXCETO INST.HIDRAULICA (ORSE).","UND",4,8013.72,10090.879999999999,40363.519999999997,1,{"$nulls":11},40363.519999999997]
[null,"2.11.20","SERVIÇO","CODEVASF","COMPOSIÇÃO","HIPOCLORADOR / BOMBA DOSADORA ANALÓGICA DE SOLUÇÕES, VAZÃO DE 0,5 À 15 L/H E PRESÃO DE 0 À 15 BAR (ORSE).","UND",4,605.03,761.85,3047.4,1,{"$nulls":11},3047.4]
[null,"2.11.21","INSUMO","SINAPI",10575,"BOMBA CENTRIFUGA MOTOR ELETRICO MONOFASICO 0,50 CV DIAMETRO DE SUCCAO X ELEVACAO 3/4\" X 3/4\", MONOESTAGIO, DIAMETRO DOS ROTORES 114 MM, HM/Q: 2 M / 2,99 M3/H A 24 M / 0,71 M3/H","UN    ",8,"864,97",1006.13,8049.04,2,960.98167000000001,{"$nulls":10},8049.04]
[null,"2.11.22","SERVIÇO","CODEVASF","COMPOSIÇÃO","C3417 - INSTALAÇÃO ELETROMECÂNICA DE CONJUNTO MOTO-BOMBA ATÉ 4 CV - UN (SEINFRA)","UND",4,437.2,550.52,2202.08,1,{"$nulls":11},2202.08]
[null,"2.11.23","SERVIÇO","SINAPI",87489,"ALVENARIA DE VEDAÇÃO DE BLOCOS CERÂMICOS FURADOS NA VERTICAL DE 9X19X39CM (ESPESSURA 9CM) DE PAREDES COM ÁREA LÍQUIDA MAIOR OU IGUAL A 6M² COM VÃOS E ARGAMASSA DE ASSENTAMENTO COM PREPARO EM BETONEIRA. AF_06/2014","M2",94,34.57,43.53,4091.82,23.5,{"$nulls":11},4091.82]
[null,"2.11.24","SERVIÇO","SINAPI",93184,"VERGA PRÉ-MOLDADA PARA PORTAS COM ATÉ 1,5 M DE VÃO. AF_03/2016","M",15.6,16.350000000000001,20.59,321.2,3.9,{"$nulls":11},321.2]
[null,"2.11.25","SERVIÇO","SINAPI",87879,"CHAPISCO APLICADO EM ALVENARIAS E ESTRUTURAS DE CONCRETO INTERNAS, COM COLHER DE PEDREIRO.  ARGAMASSA TRAÇO 1:3 COM PREPARO EM BETONEIRA 400L. AF_06/2014","M2",188,2.87,3.61,678.68,47,{"$nulls":11},678.68]
[null,"2.11.26","SERVIÇO","SINAPI",90407,"MASSA ÚNICA, PARA RECEBIMENTO DE PINTURA, EM ARGAMASSA TRAÇO 1:2:8, PREPARO MANUAL, APLICADA MANUALMENTE EM TETO, ESPESSURA DE 20MM, COM EXECUÇÃO DE TALISCAS. AF_03/2015","M2",188,34.840000000000003,43.87,8247.56,47,{"$nulls":11},8247.56]
[null,"2.11.27","SERVIÇO","ORSE",8900,"PORTÃO DE FERRO DE ABRIR COM UMA FOLHA, COM BARRA QUADRADA DE 1/2\" NA VERTICA L, UMA BARRA DE QUADRADA DE 1/2\" NA HORIZONTAL E QUADRO COM BARRA DE FERRO DE 1/2\", INCLUSIVE DOBRADIÇAS, FERROLHOS E CHUMBADORES COM PARAFUSOS","M2",8.4,564.77,711.16,5973.74,2.1,{"$nulls":11},5973.74]
[null,"2.11.28","SERVIÇO","SINAPI",92543,"TRAMA DE MADEIRA COMPOSTA POR TERÇAS PARA TELHADOS DE ATÉ 2 ÁGUAS PARA TELHA ONDULADA DE FIBROCIMENTO, METÁLICA, PLÁSTICA OU TERMOACÚSTICA, INCLUSO TRANSPORTE VERTICAL. AF_07/2019","M2",60,9.52,11.99,719.4,15,{"$nulls":11},719.4]
[null,"2.11.29","SERVIÇO","SINAPI",55960,"IMUNIZACAO DE MADEIRAMENTO PARA COBERTURA UTILIZANDO CUPINICIDA INCOLOR","M2",60,4.49,5.65,339,15,{"$nulls":11},339]
[null,"2.11.30","SERVIÇO","SINAPI",94207,"TELHAMENTO COM TELHA ONDULADA DE FIBROCIMENTO E = 6 MM, COM RECOBRIMENTO LATERAL DE 1/4 DE ONDA PARA TELHADO COM INCLINAÇÃO MAIOR QUE 10°, COM ATÉ 2 ÁGUAS, INCLUSO IÇAMENTO. AF_07/2019","M2",60,44.35,55.85,3351,15,{"$nulls":11},3351]
[null,"2.11.31","SERVIÇO","SINAPI",101161,"ALVENARIA DE VEDAÇÃO COM ELEMENTO VAZADO DE CONCRETO (COBOGÓ) DE 7X50X50CM E ARGAMASSA DE ASSENTAMENTO COM PREPARO EM BETONEIRA. AF_05/2020","M2",8,135.91999999999999,171.15,1369.2,2,{"$nulls":11},1369.2]
[null,"2.11.32","INSUMO","SINAPI",7307,"FUNDO ANTICORROSIVO PARA METAIS FERROSOS (ZARCAO)","L     ",16.8,"24,78",28.82,484.18,4.2,{"$nulls":11},484.18]
[null,"2.11.33","SERVIÇO","SINAPI","73739/1","PINTURA ESMALTE ACETINADO EM MADEIRA, DUAS DEMAOS","M2",16.8,15.04,18.940000000000001,318.19,4.2,{"$nulls":11},318.19]
[null,"2.12","LIMPEZA E ENTREGA",{"$nulls":7},306.31,0,{"$nulls":11},0]
[null,"2.12.1","SERVIÇO","SINAPI",99802,"LIMPEZA DE PISO CERÂMICO OU PORCELANATO COM VASSOURA A SECO. AF_04/2019","M2",696.16,0.35,0.44,306.31,174.04,{"$nulls":11},306.31]
[null,"TOTAL GERAL DA OBRA_04 unidades:",{"$nulls":8},1499864.04,{"$nulls":12},0]

{"sheet":"Composições","index":2,"n_rows":208,"n_cols":9,"rows_kept":208,"cut":false,"hidden":false,"merged":[[1,1,1,8],[3,1,3,8]]}
[]
[null,"SERVIÇOS NECESSÁRIOS A CONSTRUÇÃO DE UNIDADE DE BENEFICIAMENTO DE MEL, EM DIVERSOS MUNICÍPIOS INSERIDOS NA ÁREA DE ATUAÇÃO DA 3ª SUPERINTENDÊNCIA REGIONAL DA CODEVASF, ATRAVÉS DE SISTEMA DE REGISTRO DE PREÇOS - SRP.  "]
[]
[null,"Composições de Custo - Desoneradas"]
[]
[null,"CODEVASF","ITEM","TIPO"," COMPOSIÇÃO DE PREÇO UNITÁRIO","AGOSTO DE  2020",null,"UNIDADE: ","UN "]
[null,"COMPOSIÇÃO","1.3","SERVIÇO /\nMATERIAL:","MOBILIZAÇÃO DE EQUIPAMENTOS, MATERIAIS E PESSOAL","COMP. DE REFERÊNCIA:",null,"CÓDIGO:"]
[{"$nulls":4},"MATERIAIS / MÃO DE OBRA"]
[null,"TIPO"," REFER.","CÓDIGO","DISCRIMINAÇÃO","UNID.","QUANT.","P.UNIT.","P.TOTAL"]
[{"$nulls":4},"PASSAGEM","UNID.",4,20,80]
[{"$nulls":7},"SUB-TOTAL",80]
[{"$nulls":4},"SERVIÇOS / EQUIPAMENTOS"]
[null,"TIPO"," REFER.","CÓDIGO","DISCRIMINAÇÃO","UNID.","QUANT.","P.UNIT.","P.TOTAL"]
[null,"SERVIÇO","SINAPI",72840,"TRANSPORTE COMERCIAL COM CAMINHAO CARROCERIA 9 T, RODOVIA PAVIMENTADA","TXKM",1080,0.51,550.79999999999995]
[null,"SERVIÇO","SINAPI",72839,"TRANSPORTE COMERCIAL COM CAMINHAO CARROCERIA 9 T, RODOVIA COM REVESTIMENTO PRIMARIO","TXKM",120,0.61,73.2]
[null,"SERVIÇO","SINAPI",97916,"TRANSPORTE COM CAMINHÃO BASCULANTE DE 6 M3, EM VIA URBANA EM LEITO NATURAL (UNIDADE: TXKM). AF_01/2018","TXKM",120,1.1100000000000001,133.19999999999999]
[null,null,"ITEM",{"$nulls":4},"SUB-TOTAL",757.2]
[{"$nulls":5},"TOTAL DO SERVIÇO - R$",null,null,837.2]
[]
[null,"CODEVASF","ITEM","TIPO"," COMPOSIÇÃO DE PREÇO UNITÁRIO","AGOSTO DE 2020",null,"UNIDADE: ","UN "]
[null,"COMPOSIÇÃO","1.4","SERVIÇO /\nMATERIAL:","DESMOBILIZAÇÃO DE EQUIPAMENTOS, MATERIAIS E PESSOAL","COMP. DE REFERÊNCIA:",null,"CÓDIGO:"]
[{"$nulls":4},"MATERIAIS / MÃO DE OBRA"]
[null,"TIPO"," REFER.","CÓDIGO","DISCRIMINAÇÃO","UNID.","QUANT.","P.UNIT.","P.TOTAL"]
[{"$nulls":4},"PASSAGEM","UNID.",4,20,80]
[{"$nulls":7},"SUB-TOTAL",80]
[{"$nulls":4},"SERVIÇOS / EQUIPAMENTOS"]
[null,"TIPO"," REFER.","CÓDIGO","DISCRIMINAÇÃO","UNID.","QUANT.","P.UNIT.","P.TOTAL"]
[null,"SERVIÇO","SINAPI",72840,"TRANSPORTE COMERCIAL COM CAMINHAO CARROCERIA 9 T, RODOVIA PAVIMENTADA","TXKM",1080,0.51,550.79999999999995]
[null,"SERVIÇO","SINAPI",72839,"TRANSPORTE COMERCIAL COM CAMINHAO CARROCERIA 9 T, RODOVIA COM REVESTIMENTO PRIMARIO","TXKM",120,0.61,73.2]
[null,"SERVIÇO","SINAPI",97916,"TRANSPORTE COM CAMINHÃO BASCULANTE DE 6 M3, EM VIA URBANA EM LEITO NATURAL (UNIDADE: TXKM). AF_01/2018","TXKM",120,1.1100000000000001,133.19999999999999]
[{"$nulls":7},"SUB-TOTAL",757.2]
[{"$nulls":5},"TOTAL DO SERVIÇO - R$",null,null,837.2]
[]
[null,"CODEVASF","ITEM","TIPO"," COMPOSIÇÃO DE PREÇO UNITÁRIO","AGOSTO DE 2020",null,"UNIDADE: ","UN "]
[null,"COMPOSIÇÃO","1.5","SERVIÇO /\nMATERIAL:","LOCAÇÃO, ADMINISTRAÇÃO E MANUTENÇÃO DE CANTEIRO DE OBRA","COMP. DE REFERÊNCIA:",null,"CÓDIGO:"]
[{"$nulls":4},"MATERIAIS / MÃO DE OBRA"]
[null,"TIPO"," REFER.","CÓDIGO","DISCRIMINAÇÃO","UNID.","QUANT.","P.UNIT.","P.TOTAL"]
[{"$nulls":4},"LOCAÇÃO DE IMÓVEL","MÊS",1,300,300]
[null,"INSUMO","CELPE","I2321","ENERGIA ELETRICA CONSUMO ATIVO - CELPE","Kwh",100,0.56999999999999995,57]
[null,"INSUMO","COMPESA ","I2294","TARIFA ÁGUA","10 m³",1,44.08,44.08]
[null,"INSUMO","ORSE",10562,"MATERIAL DE ESCRITÓRIO","mês",1,30,30]
[null,"INSUMO","ORSE",10563,"MATERIAL DE LIMPEZA","mês",1,86.45,86.45]
[null,"INSUMO","ORSE",10558,"INTERNET - DISPÊNDIO MENSAL","mês",1,89,89]
[null,"SERVIÇO","SINAPI",90777,"ENGENHEIRO CIVIL DE OBRA JUNIOR COM ENCARGOS COMPLEMENTARES","H",1,75.7,75.7]
[null,"INSUMO","SINAPI",40936,"ENGENHEIRO CIVIL JUNIOR (MENSALISTA)","MES   ",0.01,"13.150,71",131.51]
[null,"INSUMO","SINAPI",40818,"ENCARREGADO GERAL DE OBRAS (MENSALISTA)","MES   ",0.1,"5.353,99",535.4]
[null,"INSUMO","SINAPI",40944,"TECNICO EM SEGURANCA DO TRABALHO (MENSALISTA)","MES   ",0.2,"3.103,92",620.78]
[null,"INSUMO","SINAPI",40809,"ALMOXARIFE (MENSALISTA)","MES   ",0.1,"2.295,48",229.55]
[null,"INSUMO","SINAPI",40862,"ALIMENTACAO - MENSALISTA (COLETADO CAIXA)","MES   ",1,"389,75",389.75]
[null,"INSUMO","SINAPI",40861,"TRANSPORTE - MENSALISTA (COLETADO CAIXA)","MES   ",0.4,"95,20",38.08]
[]
[{"$nulls":7},"SUB-TOTAL",2627.3]
[{"$nulls":4},"SERVIÇOS / EQUIPAMENTOS"]
[null,"TIPO"," REFER.","CÓDIGO","DISCRIMINAÇÃO","UNID.","QUANT.","P.UNIT.","P.TOTAL"]
[{"$nulls":8},0]
[{"$nulls":7},"SUB-TOTAL",0]
[{"$nulls":5},"TOTAL DO SERVIÇO P/ 8 MESES - R$ ",null,null,21018.400000000001]
[]
[null,"CODEVASF","ITEM","TIPO"," COMPOSIÇÃO DE PREÇO UNITÁRIO","AGOSTO DE 2020",null,"UNIDADE: ","KM"]
[null,"COMPOSIÇÃO","2.9.21","SERVIÇO /\nMATERIAL:","REDE DE DISTRIBUIÇÃO SECUNDÁRIA, PARA CABO DE COBRE NÚ 16 MM², TENSÃO DE 380 V, COM ESTRUTURA DE ALINHAMENTO EM POSTE DE CONCRETO ARMADO DUPLO T 150/9 (CONDUTOR INCLUSO E TRANSFORMADOR NÃO INCLUSOS) (SEINFRA- C4277)","COMP. DE REFERÊNCIA:","SEINFRA","CÓDIGO:"," C4277"]
[{"$nulls":4},"MATERIAIS / MÃO DE OBRA"]
[null,"TIPO"," REFER.","CÓDIGO","DISCRIMINAÇÃO","UNID.","QUANT.","P.UNIT.","P.TOTAL"]
[null,"INSUMO","SEINFRA","I0365","CABO COBRE NU 16MM2","M",750,7.49,5617.5]
[null,"INSUMO","SEINFRA","I2390","PARAFUSO MAQUINA ZINCADO 5/8 x 16\" C/ ARRUELAS/PORCA","UN",15,12,180]
[null,"INSUMO","SEINFRA","I0125","ARMAÇÃO REX TRIFASICA COM ROLDANA","UN",7.5,49.69,372.68]
[null,"INSUMO","SEINFRA","I2405","POSTE DE CONCRETO DUPLO T (150/9), RESISTÊNCIA NOMINAL 150KG, H=9,00M, PESO APROXIMADO 470KG","UN",22.5,436.84,9828.9]
[null,"INSUMO","SEINFRA","I0141","ARRUELA QUADRADA DE 58MM C/FURO DE 18MM","UN",30,2.2999999999999998,69]
[null,"SERVIÇO","SINAPI",88266,"ELETROTÉCNICO COM ENCARGOS COMPLEMENTARES","H",150,19.21,2881.5]
[null,"SERVIÇO","SINAPI",88247,"AUXILIAR DE ELETRICISTA COM ENCARGOS COMPLEMENTARES","H",150,13.85,2077.5]
[null,"SERVIÇO","SINAPI",88264,"ELETRICISTA COM ENCARGOS COMPLEMENTARES","H",150,17.84,2676]
[{"$nulls":7},"SUB-TOTAL",23703.08]
[{"$nulls":4},"SERVIÇOS / EQUIPAMENTOS"]
[null,"TIPO"," REFER.","CÓDIGO","DISCRIMINAÇÃO","UNID.","QUANT.","P.UNIT.","P.TOTAL"]
[null,"SERVIÇO","SINAPI",93283,"GUINDASTE HIDRÁULICO AUTOPROPELIDO, COM LANÇA TELESCÓPICA 40 M, CAPACIDADE MÁXIMA 60 T, POTÊNCIA 260 KW - DEPRECIAÇÃO. AF_03/2016","H",18.75,50.81,952.69]
[{"$nulls":7},"SUB-TOTAL",952.69]
[{"$nulls":5},"TOTAL DO SERVIÇO - R$",null,null,24655.77]
[]
[null,"CODEVASF","ITEM","TIPO"," COMPOSIÇÃO DE PREÇO UNITÁRIO","AGOSTO DE 2020",null,"UNIDADE: ","M²"]
[null,"COMPOSIÇÃO","2.1.1","SERVIÇO /\nMATERIAL:","C3508 - ELABORAÇÃO DE PROJETO DE CÁLCULO ESTRUTURAL (RESERVATÓRIO APOIADO, ELEVATÓRIA E  CAIXA DE AREIA) - M2xARF (SEINFRA)","COMP. DE REFERÊNCIA:","SEINFRA","CÓDIGO:","C3508"]
[{"$nulls":4},"MATERIAIS / MÃO DE OBRA"]
[null,"TIPO"," REFER.","CÓDIGO","DISCRIMINAÇÃO","UNID.","QUANT.","P.UNIT.","P.TOTAL"]
[]
[{"$nulls":7},"SUB-TOTAL",0]
[{"$nulls":4},"SERVIÇOS / EQUIPAMENTOS"]
[null,"TIPO"," REFER.","CÓDIGO","DISCRIMINAÇÃO","UNID.","QUANT.","P.UNIT.","P.TOTAL"]
[null,"SERVIÇO","SINAPI",90777,"ENGENHEIRO CIVIL DE OBRA JUNIOR COM ENCARGOS COMPLEMENTARES","H",0.37,75.7,28.01]
[{"$nulls":7},"SUB-TOTAL",28.01]
[{"$nulls":5},"TOTAL DO SERVIÇO - R$",null,null,28.01]
[]
[null,"CODEVASF","ITEM","TIPO"," COMPOSIÇÃO DE PREÇO UNITÁRIO","AGOSTO DE 2020",null,"UNIDADE: ","UND"]
[null,"COMPOSIÇÃO","2.11.22","SERVIÇO /\nMATERIAL:","C3417 - INSTALAÇÃO ELETROMECÂNICA DE CONJUNTO MOTO-BOMBA ATÉ 4 CV - UN (SEINFRA)","COMP. DE REFERÊNCIA:","SEINFRA","CÓDIGO:","C3417"]
[{"$nulls":4},"MATERIAIS / MÃO DE OBRA"]
[null,"TIPO"," REFER.","CÓDIGO","DISCRIMINAÇÃO","UNID.","QUANT.","P.UNIT.","P.TOTAL"]
[null,"SERVIÇO","SINAPI",100307,"MONTADOR DE ELETROELETRÔNICOS COM ENCARGOS COMPLEMENTARES","H",10,16.010000000000002,160.1]
[null,"SERVIÇO","SINAPI",88248,"AUXILIAR DE ENCANADOR OU BOMBEIRO HIDRÁULICO COM ENCARGOS COMPLEMENTARES","H",10,13.39,133.9]
[null,"SERVIÇO","SINAPI",88316,"SERVENTE COM ENCARGOS COMPLEMENTARES","H",10,14.32,143.19999999999999]
[{"$nulls":7},"SUB-TOTAL",437.2]
[{"$nulls":4},"SERVIÇOS / EQUIPAMENTOS"]
[null,"TIPO"," REFER.","CÓDIGO","DISCRIMINAÇÃO","UNID.","QUANT.","P.UNIT.","P.TOTAL"]
[]
[{"$nulls":7},"SUB-TOTAL",0]
[{"$nulls":5},"TOTAL DO SERVIÇO - R$",null,null,437.2]
[]
[null,"CODEVASF","ITEM","TIPO"," COMPOSIÇÃO DE PREÇO UNITÁRIO","AGOSTO DE 2020",null,"UNIDADE: ","M²"]
[null,"COMPOSIÇÃO","2.6.3","SERVIÇO /\nMATERIAL:","TELA GALVANIZADA MOSQUITEIRO EM QUADRO DIM. 1,0X1,0M, FORMADO POR CANTONEIRA ALUMINIO1\"X1/8\"+ BARRA CHATA ALUMINIO 7/8\"X1/8\" (ORSE)","COMP. DE REFERÊNCIA:","ORSE","CÓDIGO:","11732/ORSE"]
[{"$nulls":4},"MATERIAIS / MÃO DE OBRA"]
[null,"TIPO"," REFER.","CÓDIGO","DISCRIMINAÇÃO","UNID.","QUANT.","P.UNIT.","P.TOTAL"]
[null,"INSUMO","ORSE",1691,"PARAFUSO METAL 2 1/2\" X 12 P/ BUCHA S-10","un",4,0.56000000000000005,2.2400000000000002]
[null,"SERVIÇO","ORSE",3930,"Cantoneira alumínio anodizado natural, 1\" x 1/8\"","M",4,18.55,74.2]
[null,"INSUMO","ORSE",11045,"REBITE POP 1/4\" X 1/2\"","un",20,0.16,3.2]
[null,"INSUMO","ORSE",11095,"BARRA CHATA DE ALUMINIO 7/8\" X 1/8\"","m",4,9.33,37.32]
[null,"INSUMO","ORSE",12592,"TELA MOSQUITEIRO GALVANIZADA, MALHA 14, FIO 30","m²",1.04,61.69,64.16]
[null,"SERVIÇO","SINAPI",88315,"SERRALHEIRO COM ENCARGOS COMPLEMENTARES","H",1.2,17.59,21.11]
[null,"SERVIÇO","SINAPI",88316,"SERVENTE COM ENCARGOS COMPLEMENTARES","H",0.5,14.32,7.16]
[{"$nulls":7},"SUB-TOTAL",209.39]
[{"$nulls":4},"SERVIÇOS / EQUIPAMENTOS"]
[null,"TIPO"," REFER.","CÓDIGO","DISCRIMINAÇÃO","UNID.","QUANT.","P.UNIT.","P.TOTAL"]
[]
[{"$nulls":7},"SUB-TOTAL",0]
[{"$nulls":5},"TOTAL DO SERVIÇO - R$",null,null,209.39]
[]
[null,"CODEVASF","ITEM","TIPO"," COMPOSIÇÃO DE PREÇO UNITÁRIO","AGOSTO DE 2020",null,"UNIDADE: ","PT"]
[null,"COMPOSIÇÃO","2.8.25","SERVIÇO /\nMATERIAL:","PONTO DE ESGOTO COM TUBO DE PVC RÍGIDO SOLDÁVEL DE Ø 100 MM (VASO SANITÁRIO)(ORSE)","COMP. DE REFERÊNCIA:","ORSE","CÓDIGO:","01683/ORSE"]
[{"$nulls":4},"MATERIAIS / MÃO DE OBRA"]
[null,"TIPO"," REFER.","CÓDIGO","DISCRIMINAÇÃO","UNID.","QUANT.","P.UNIT.","P.TOTAL"]
[null,"INSUMO","ORSE",138,"ADESIVO PVC EM FRASCO DE 850 GRAMAS","kg",1.4999999999999999E-2,54.73,0.82]
[null,"INSUMO","SINAPI",13,"ESTOPA","KG    ",0.05,"11,93",0.6]
[null,"SERVIÇO","SINAPI",88267,"ENCANADOR OU BOMBEIRO HIDRÁULICO COM ENCARGOS COMPLEMENTARES","H",0.4,17.260000000000002,6.9]
[null,"INSUMO","SINAPI",3520,"JOELHO PVC, SOLDAVEL, PB, 90 GRAUS, DN 100 MM, PARA ESGOTO PREDIAL","UN    ",2,"5,07",10.14]
[null,"SERVIÇO","SINAPI",88316,"SERVENTE COM ENCARGOS COMPLEMENTARES","H",0.4,14.32,5.73]
[null,"INSUMO","SINAPI",9836,"TUBO PVC  SERIE NORMAL, DN 100 MM, PARA ESGOTO  PREDIAL (NBR 5688)","M     ",4,"8,92",35.68]
[null,"INSUMO","SINAPI",10908,"JUNCAO DE REDUCAO INVERTIDA, PVC SOLDAVEL, 100 X 50 MM, SERIE NORMAL PARA ESGOTO PREDIAL","UN    ",1,"10,63",10.63]
[{"$nulls":7},"SUB-TOTAL",70.5]
[{"$nulls":4},"SERVIÇOS / EQUIPAMENTOS"]
[null,"TIPO"," REFER.","CÓDIGO","DISCRIMINAÇÃO","UNID.","QUANT.","P.UNIT.","P.TOTAL"]
[]
[{"$nulls":7},"SUB-TOTAL",0]
[{"$nulls":5},"TOTAL DO SERVIÇO - R$",null,null,70.5]
[]
[null,"CODEVASF","ITEM","TIPO"," COMPOSIÇÃO DE PREÇO UNITÁRIO","AGOSTO DE 2020",null,"UNIDADE: ","UND"]
[null,"COMPOSIÇÃO","2.9.8","SERVIÇO /\nMATERIAL:","ENTRADA DE ENERGIA ELÉTRICA MONOFÁSICA COM PONTALETE DE AÇO GALVANIZADO D=1 1/2\", FIXADO NO TELHADO (ORSE).","COMP. DE REFERÊNCIA:","ORSE","CÓDIGO:","09193/ORSE"]
[{"$nulls":4},"MATERIAIS / MÃO DE OBRA"]
[null,"TIPO"," REFER.","CÓDIGO","DISCRIMINAÇÃO","UNID.","QUANT.","P.UNIT.","P.TOTAL"]
[null,"INSUMO","ORSE",3155,"FITA EM AÇO INOX FUSIMEC OU SIMILAR","M",2,3.5,7]
[null,"INSUMO","ORSE",6616,"BRAQUETE MONOFÁSICO","un",1,7.47,7.47]
[null,"INSUMO","ORSE",7142,"CURVA 180° ELETRODUTO PVC ROSCÁVEL, D= 1\"","un",1,1.85,1.85]
[null,"INSUMO","ORSE",9450,"PONTALETE DE AÇO GALVANIZADO D=1 1/2\", MEDINDO 1,50M, PARA ENTRADA DE ENERGIA","un",1,45.5,45.5]
[null,"INSUMO","SINAPI",1165,"CAP OU TAMPAO DE FERRO GALVANIZADO, COM ROSCA BSP, DE 1 1/2\"","UN    ",1,"11,52",11.52]
[null,"INSUMO","SINAPI",1891,"LUVA EM PVC RIGIDO ROSCAVEL, DE 3/4\", PARA ELETRODUTO","UN    ",1,"0,92",0.92]
[null,"SERVIÇO","SINAPI",88264,"ELETRICISTA COM ENCARGOS COMPLEMENTARES","H",1,17.84,17.84]
[null,"INSUMO","SINAPI",2674,"ELETRODUTO DE PVC RIGIDO ROSCAVEL DE 3/4 \", SEM LUVA","M     ",2,"3,20",6.4]
[null,"SERVIÇO","SINAPI",88309,"PEDREIRO COM ENCARGOS COMPLEMENTARES","H",1,17.68,17.68]
[null,"SERVIÇO","SINAPI",88316,"SERVENTE COM ENCARGOS COMPLEMENTARES","H",1,14.32,14.32]
[{"$nulls":7},"SUB-TOTAL",130.5]
[{"$nulls":4},"SERVIÇOS / EQUIPAMENTOS"]
[null,"TIPO"," REFER.","CÓDIGO","DISCRIMINAÇÃO","UNID.","QUANT.","P.UNIT.","P.TOTAL"]
[]
[{"$nulls":7},"SUB-TOTAL",0]
[{"$nulls":5},"TOTAL DO SERVIÇO - R$",null,null,130.5]
[]
[null,"CODEVASF","ITEM","TIPO"," COMPOSIÇÃO DE PREÇO UNITÁRIO","AGOSTO DE 2020",null,"UNIDADE: ","M²"]
[null,"COMPOSIÇÃO","2.10.3","SERVIÇO /\nMATERIAL:","MURO EM ALVENARIA BLOCO CERÂMICO, E=0,09M, C/ALV DE PEDRA (35X60CM), PILARES (9X20CM) A CADA 3,0M, CINTAS INFERIOR E SUPERIOR (9X15CM) EM CONCRETO ARMADO FCK=15,0 MPA, C/CHAPISCO, REBOCO E PINTURA SOBRE ALVENARIA, C/CINTAS E PILARES APARENTES (ORSE).","COMP. DE REFERÊNCIA:","ORSE","CÓDIGO:","02376/ORSE"]
[{"$nulls":4},"MATERIAIS / MÃO DE OBRA"]
[null,"TIPO"," REFER.","CÓDIGO","DISCRIMINAÇÃO","UNID.","QUANT.","P.UNIT.","P.TOTAL"]
[null,"SERVIÇO","SINAPI","73817/2","EMBASAMENTO DE MATERIAL GRANULAR - RACHAO","M³",0.105,114.2,11.99]
[null,"SERVIÇO","SINAPI",94963,"CONCRETO FCK = 15MPA, TRAÇO 1:3,4:3,5 (CIMENTO/ AREIA MÉDIA/ BRITA 1)  - PREPARO MECÂNICO COM BETONEIRA 400 L. AF_07/2016","M³",3.3000000000000002E-2,293.52,9.69]
[null,"SERVIÇO","SINAPI",97086,"FABRICAÇÃO, MONTAGEM E DESMONTAGEM DE FORMA PARA RADIER, EM MADEIRA SERRADA, 4 UTILIZAÇÕES. AF_09/2017","M²",0.33,73.36,24.21]
[null,"SERVIÇO","SINAPI",92760,"ARMAÇÃO DE PILAR OU VIGA DE UMA ESTRUTURA CONVENCIONAL DE CONCRETO ARMADO EM UM EDIFÍCIO DE MÚLTIPLOS PAVIMENTOS UTILIZANDO AÇO CA-50 DE 6,3 MM - MONTAGEM. AF_12/2015","KG",2.34,9.1,21.29]
[null,"SERVIÇO","SINAPI",87471,"ALVENARIA DE VEDAÇÃO DE BLOCOS CERÂMICOS FURADOS NA VERTICAL DE 9X19X39CM (ESPESSURA 9CM) DE PAREDES COM ÁREA LÍQUIDA MENOR QUE 6M² SEM VÃOS E ARGAMASSA DE ASSENTAMENTO COM PREPARO EM BETONEIRA. AF_06/2014","M²",0.87,35,30.45]
[null,"SERVIÇO","SINAPI",88487,"APLICAÇÃO MANUAL DE PINTURA COM TINTA LÁTEX PVA EM PAREDES, DUAS DEMÃOS. AF_06/2014","M²",1.734,8.98,15.57]
[null,"SERVIÇO","SINAPI",87904,"CHAPISCO APLICADO EM ALVENARIA (COM PRESENÇA DE VÃOS) E ESTRUTURAS DE CONCRETO DE FACHADA, COM COLHER DE PEDREIRO.  ARGAMASSA TRAÇO 1:3 COM PREPARO MANUAL. AF_06/2014","M²",1.734,6.28,10.89]
[null,"SERVIÇO","SINAPI",87529,"MASSA ÚNICA, PARA RECEBIMENTO DE PINTURA, EM ARGAMASSA TRAÇO 1:2:8, PREPARO MECÂNICO COM BETONEIRA 400L, APLICADA MANUALMENTE EM FACES INTERNAS DE PAREDES, ESPESSURA DE 20MM, COM EXECUÇÃO DE TALISCAS. AF_06/2014","M²",2,25.76,51.52]
[{"$nulls":7},"SUB-TOTAL",175.61]
[{"$nulls":4},"SERVIÇOS / EQUIPAMENTOS"]
[null,"TIPO"," REFER.","CÓDIGO","DISCRIMINAÇÃO","UNID.","QUANT.","P.UNIT.","P.TOTAL"]
[]
[{"$nulls":7},"SUB-TOTAL",0]
[{"$nulls":5},"TOTAL DO SERVIÇO - R$",null,null,175.61]
[]
[null,"CODEVASF","ITEM","TIPO"," COMPOSIÇÃO DE PREÇO UNITÁRIO","AGOSTO DE 2020",null,"UNIDADE: ","UND"]
[null,"COMPOSIÇÃO","2.11.19","SERVIÇO /\nMATERIAL:","RESERVATORIO ELEVADO C/ CAIXA D'AGUA EM FIBRA DE VIDRO DE 5.000 LITROS APOIADO EM ESTRUTURA PRE-MOLDADA CONCRETO, COMPOSTA DE CAPITEL P/APOIO DA CAIXA E PILAR CILINDRICO C/ALTURA UTIL = 6,00M, INCLUSO FRETE E MONTAGEM NO LOCAL, EXCETO INST.HIDRAULICA (ORSE).","COMP. DE REFERÊNCIA:","ORSE","CÓDIGO:","10203/ORSE"]
[{"$nulls":4},"MATERIAIS / MÃO DE OBRA"]
[null,"TIPO"," REFER.","CÓDIGO","DISCRIMINAÇÃO","UNID.","QUANT.","P.UNIT.","P.TOTAL"]
[null,"INSUMO","ORSE",10971,"ESTRUTURA PRE-MOLDADA DE CONCRETO P/ CAIXAS D'AGUA DE 5.000 LITROS, COMPOSTA  DE CAPITEL P/APOIO DA CAIXA DÁGUA E PILAR CILINDRICO D=40CM E ALTURA = 7,50M, INCLUSO MONTAGEM NO LOCAL, REF: CILEL OU SIMILAR","un",1,5745.93,5745.93]
[null,"INSUMO","SINAPI",367,"AREIA GROSSA - POSTO JAZIDA/FORNECEDOR (RETIRADO NA JAZIDA, SEM TRANSPORTE)","M3    ",2,"79,90",159.80000000000001]
[null,"INSUMO","SINAPI",1379,"CIMENTO PORTLAND COMPOSTO CP II-32","KG    ",400,"0,44",176]
[null,"INSUMO","SINAPI",4721,"PEDRA BRITADA N. 1 (9,5 a 19 MM) POSTO PEDREIRA/FORNECEDOR, SEM FRETE","M3    ",2,"59,13",118.26]
[null,"INSUMO","SINAPI",4730,"PEDRA DE MAO OU PEDRA RACHAO PARA ARRIMO/FUNDACAO (POSTO PEDREIRA/FORNECEDOR, SEM FRETE)","M3    ",2,"61,82",123.64]
[null,"INSUMO","ORSE",463,"CAIXA D'AGUA FIBRA VIDRO  5.000 LITROS - FORTLEV-TORRES (OU SIMILAR)","un",1,1690.09,1690.09]
[{"$nulls":7},"SUB-TOTAL",8013.72]
[{"$nulls":4},"SERVIÇOS / EQUIPAMENTOS"]
[null,"TIPO"," REFER.","CÓDIGO","DISCRIMINAÇÃO","UNID.","QUANT.","P.UNIT.","P.TOTAL"]
[]
[{"$nulls":7},"SUB-TOTAL",0]
[{"$nulls":5},"TOTAL DO SERVIÇO - R$",null,null,8013.72]
[]
[null,"CODEVASF","ITEM","TIPO"," COMPOSIÇÃO DE PREÇO UNITÁRIO","AGOSTO DE 2020",null,"UNIDADE: ","UND"]
[null,"COMPOSIÇÃO","2.11.20","SERVIÇO /\nMATERIAL:","HIPOCLORADOR / BOMBA DOSADORA ANALÓGICA DE SOLUÇÕES, VAZÃO DE 0,5 À 15 L/H E PRESÃO DE 0 À 15 BAR (ORSE).","COMP. DE REFERÊNCIA:","ORSE","CÓDIGO:","08722/ORSE"]
[{"$nulls":4},"MATERIAIS / MÃO DE OBRA"]
[null,"TIPO"," REFER.","CÓDIGO","DISCRIMINAÇÃO","UNID.","QUANT.","P.UNIT.","P.TOTAL"]
[null,"SERVIÇOS","ORSE",8722,"HIPOCLORADOR / BOMBA DOSADORA ANALÓGICA DE SOLUÇÕES, VAZÃO DE 0,5 À 15 L/H E PRESÃO DE 0 À 15 BAR","UNI",1,587.19000000000005,587.19000000000005]
[null,"SERVIÇO","SINAPI",88264,"ELETRICISTA COM ENCARGOS COMPLEMENTARES","H",1,17.84,17.84]
[{"$nulls":7},"SUB-TOTAL",605.03]
[{"$nulls":4},"SERVIÇOS / EQUIPAMENTOS"]
[null,"TIPO"," REFER.","CÓDIGO","DISCRIMINAÇÃO","UNID.","QUANT.","P.UNIT.","P.TOTAL"]
[]
[{"$nulls":7},"SUB-TOTAL",0]
[{"$nulls":5},"TOTAL DO SERVIÇO - R$",null,null,605.03]

{"sheet":"BDI's","index":3,"n_rows":63,"n_cols":9,"rows_kept":63,"cut":false,"hidden":false,"merged":[[38,1,38,6],[63,1,63,6],[5,1,5,6],[7,1,8,6],[41,2,42,2],[31,1,31,6],[62,1,62,6],[30,1,30,6],[34,2,36,6],[37,1,37,6],[39,1,40,6],[41,1,42,1],[9,1,10,1],[9,2,10,2],[26,2,27,2],[6,1,6,6]]}
[]
[]
[]
[]
[]
[null,"DETALHAMENTO DO BDI - SERVIÇOS (ACÓRDÃO Nº 2622/2013 - TCU - PLENÁRIO)"]
[null,"(DESONERAÇÃO)"]
[null,"SERVIÇOS NECESSÁRIOS A CONSTRUÇÃO DE UNIDADE DE BENEFICIAMENTO DE MEL, EM DIVERSOS MUNICÍPIOS INSERIDOS NA ÁREA DE ATUAÇÃO DA 3ª SUPERINTENDÊNCIA REGIONAL DA CODEVASF, ATRAVÉS DE SISTEMA DE REGISTRO DE PREÇOS - SRP.  "]
[{"$nulls":8}," "]
[null,"Item","Descrição dos Serviços","%","%","%","%"," "]
[null,null,null,"LIMITE INFERIOR","VALOR MÉDIO","LIMITE SUPERIOR","VALOR ADOTADO"]
[null,1,"DESPESAS ADMINISTRATIVAS (DA)",4.7699999999999996,6.07,7.77,4.7699999999999996," "]
[null,"1.1","Seguros + Garantias",0.8,0.8,1,0.8]
[null,"1.2","Riscos",0.97,1.27,1.27,0.97]
[null,"1.3","Administração Central",3,4,5.5,3]
[null," "," ",null,null," "," "]
[null,2,"TRIBUTOS (T)",11.15,11.15,11.15,11.15]
[null,"2.1","ISS",3,3,3,3]
[null,"2.2","PIS",0.65,0.65,0.65,0.65]
[null,"2.3","Cofins",3,3,3,3]
[null,"2.4","CPRB",4.5,4.5,4.5,4.5]
[]
[null,3,"DESPESAS FINANCEIRAS (DF)",0.59,1.23,1.29,0.59," "]
[]
[null,4,"LUCRO (L)",6.16,7.4,8.9600000000000009,6.16]
[]
[null,5,"BDI RECOMENDADO  (desconsiderando o CPRB)",20.76,24.18,26.44]
[]
[null,6,"BDI CALCULADO",null,null,null,25.92]
[null,7,"BDI ADOTADO",null,null,null,25.92]
[null,"ACÓRDÃO Nº 2622/2013 - TCU - PLENÁRIO:"]
[]
[]
[]
[]
[]
[]
[null,"DETALHAMENTO DO BDI - MATERIAIS (ACÓRDÃO Nº 2622/2013 - TCU - PLENÁRIO)"]
[null,"( DESONERAÇÃO)"]
[null,"SERVIÇOS NECESSÁRIOS A CONSTRUÇÃO DE UNIDADE DE BENEFICIAMENTO DE MEL, EM DIVERSOS MUNICÍPIOS INSERIDOS NA ÁREA DE ATUAÇÃO DA 3ª SUPERINTENDÊNCIA REGIONAL DA CODEVASF, ATRAVÉS DE SISTEMA DE REGISTRO DE PREÇOS - SRP.  "]
[]
[null,"Item","Descrição dos Serviços","%","%","%","%"]
[null,null,null,"LIMITE INFERIOR","VALOR MÉDIO","LIMITE SUPERIOR","VALOR ADOTADO"]
[null,1,"DESPESAS ADMINISTRATIVAS (DA)",1.5,3.45,4.49,2.36]
[null,"1.1","Seguros + Garantias",0.3,0.48,0.82,0.3]
[null,"1.2","Riscos",0.56000000000000005,0.85,0.89,0.56000000000000005]
[null,"1.3","Administração Central",1.5,3.45,4.49,1.5]
[null," "," ",null,null," "," "]
[null,2,"TRIBUTOS (T)",8.15,8.15,8.15,8.15]
[null,"2.1","ISS",0,0,0,0]
[null,"2.2","PIS",0.65,0.65,0.65,0.65]
[null,"2.3","Cofins",3,3,3,3]
[null,"2.4","CPRB",4.5,4.5,4.5,4.5]
[]
[null,3,"DESPESAS FINANCEIRAS (DF)",0.85,0.85,1.1100000000000001,0.85]
[]
[null,4,"LUCRO (L)",3.5,5.1100000000000003,6.22,3.5]
[]
[null,5,"BDI RECOMENDADO",11.1,14.02,16.8,"-"]
[]
[null,6,"BDI CALCULADO",null,null,null,16.32]
[null,7,"BDI ADOTADO",null,null,null,16.32]
[null,"ACÓRDÃO Nº 2622/2013 - TCU - PLENÁRIO:"]

{"sheet":"Leis Sociais","index":4,"n_rows":45,"n_cols":4,"rows_kept":45,"cut":false,"hidden":false,"merged":[[2,0,2,3],[1,0,1,3],[3,0,3,3],[44,0,44,1],[43,0,43,3],[4,2,5,2],[4,3,5,3],[4,0,5,1],[15,0,15,3],[28,0,28,3],[36,0,36,3],[41,0,41,3]]}
[]
["SERVIÇOS NECESSÁRIOS A CONSTRUÇÃO DE UNIDADE DE BENEFICIAMENTO DE MEL, EM DIVERSOS MUNICÍPIOS INSERIDOS NA ÁREA DE ATUAÇÃO DA 3ª SUPERINTENDÊNCIA REGIONAL DA CODEVASF, ATRAVÉS DE SISTEMA DE REGISTRO DE PREÇOS - SRP.  "]
["ENCARGOS SOCIAIS (%) -  DESONORAÇÃO"]
[]
["Taxas de leis sociais e riscos do trabalho (%)",null,"HORISTA","MENSALISTA"]
[]
["A1","INSS",0,0]
["A2","SESI",1.5,1.5]
["A3","SENAI",1,1]
["A4","INCRA",0.2,0.2]
["A5","SEBRAE",0.6,0.6]
["A6","Salário Educação",2.5,2.5]
["A7","Seguro Contra Acidentes de Trabalho",3,3]
["A8","FGTS",8,8]
["A9","SECONCI",0,0]
[]
["A","Total dos Encargos Sociais",16.8,16.8]
[]
["B1","Repouso Semanal Remunerado",18.059999999999999,"-"]
["B2","Feriados",4.33,"-"]
["B3","Auxílio-enfermidade",0.9,0.69]
["B4","13° salário",10.86,8.33]
["B5","Licença-paternidade",7.0000000000000007E-2,0.06]
["B6","Faltas Justificadas",0.72,0.56000000000000005]
["B7","Dias de chuva",2.1800000000000002,"-"]
["B8","Auxílio Acidente de Trabalho",0.11,0.09]
["B9","Férias Gozadas",7.26,5.58]
["B10","Salário Maternidade",0.03,0.03]
[]
["B","Total dos Encargos Sociais que recebem as incidências de A",44.52,15.34]
[]
["C1","Aviso Prévio Indenizado",4.43,3.41]
["C2","Aviso Prévio Trabalhado",0.1,0.08]
["C3","Férias Indenizadas",5.97,4.59]
["C4","Depósito Rescisão Sem Justa Causa",4.8099999999999996,3.7]
["C5","Indenização Adicional",0.37,0.28999999999999998]
[]
["C","Total dos Encargos Sociais que não recebem as incidências de A",15.68,12.07]
[]
["D1","Reincidência de A sobre B",7.47,2.58]
["D2","Reincidência de Grupo A sobre Aviso Prévio Trabalhado e Reincidência do FGTS sobre Aviso Prévio Indenizado",0.37,0.28999999999999998]
[]
["D","Total da Reincidências",7.84,2.87]
[]
["T O T A L (%)",null,84.84,47.08]